Serie A players of the 00s - Statistics

General Stats
  • This quiz has been taken 46 times
  • The average score is 493 of 1705
Answer Stats
Ranking Player Positions Nationality Matches Goals (assists) Periods Clubs % Correct
22 Alessandro Del Piero MF, FW 257 117 (51) 2000-2005, 2007-2010
100%
45 Alessandro Nesta DF 235 6 (3) 2000-2010
100%
7 Andrea Pirlo MF 282 31 (49) 2000-2010
100%
16 Francesco Totti MF, FW 269 149 (66) 2000-2010
100%
14 Gianluigi Buffon GK 271 0 (0) 2000-2005, 2007-2010
100%
1230 Ibrahim Ba MF 8 0 (1) 2000-2003
100%
716 Andrea Rossi DF 39 0 (0) 2006-2010
96%
110 Andriy Shevchenko FW 193 103 (24) 2000-2005, 2008-2009
96%
5 Clarence Seedorf MF 295 45 (37) 2000-2010
96%
61 Daniele De Rossi DF, MF 221 27 (23) 2002-2010
96%
87 Fabio Cannavaro DF 206 8 (3) 2000-2005, 2009-2010
96%
568 Generoso Rossi GK 58 0 (0) 2000-2001, 2003-2004
96%
9 Gennaro Gattuso MF 277 6 (15) 2000-2010
96%
1011 Giuseppe Rossi MF, FW 18 9 (4) 2006-2007
96%
119 Hernán Crespo FW 191 83 (19) 2000-2002, 2004-2005, 2006-2010
96%
1 Javier Zanetti DF, MF 339 3 (10) 2000-2010
96%
209 Marco Rossi MF 145 8 (3) 2000-2002, 2007-2010
96%
636 Marco Rossi DF 49 3 (0) 2005-2007, 2009-2010
96%
1642 Matteo Rossi 0 1 0 (0) 2003-2004
96%
1048 Maurizio Rossi MF 16 0 (1) 2000-2001
96%
69 Paolo Cannavaro DF 216 6 (4) 2000-2005, 2007-2010
96%
70 Paolo Maldini DF 216 7 (4) 2000-2009
96%
1665 Paolo Rossi FW 1 0 (0) 2001-2002
96%
886 Sebastiano Rossi GK 26 0 (0) 2000-2001, 2002-2003
96%
95 Cafú DF 203 5 (25) 2000-2008
91%
152 Christian Vieri FW 174 101 (13) 2000-2009
91%
123 Cristiano Zanetti MF 187 4 (15) 2000-2005, 2007-2010
91%
66 Filippo Inzaghi FW 216 80 (20) 2000-2010
91%
140 Francesco Toldo GK 179 1 (0) 2000-2009
91%
957 Giovanni Bia DF 21 4 (0) 2000-2001
91%
116 Luca Toni FW 192 96 (31) 2000-2002, 2004-2006, 2009-2010
91%
38 Mauro Camoranesi MF 242 30 (47) 2000-2005, 2007-2010
91%
370 Paolo Zanetti MF 99 2 (2) 2000-2001, 2003-2004, 2005-2010
91%
33 Pavel Nedvěd MF 245 47 (60) 2000-2005, 2007-2009
91%
199 Rui Costa MF 151 10 (30) 2000-2006
91%
238 Simone Inzaghi FW 135 20 (9) 2000-2010
91%
185 Zlatan Ibrahimović FW 158 80 (33) 2004-2009
91%
4 Alberto Gilardino FW 300 125 (21) 2000-2010
87%
657 Andrea Costa DF, MF 46 1 (0) 2007-2009
87%
86 Dida GK 206 0 (0) 2000-2001, 2002-2010
87%
518 Diego Milito FW 66 46 (9) 2008-2010
87%
474 Gabriel Batistuta FW 75 32 (9) 2000-2003
87%
37 Gianluca Zambrotta DF 242 6 (23) 2000-2005, 2008-2010
87%
212 Giorgio Chiellini DF 143 13 (5) 2004-2005, 2007-2010
87%
1399 Manuel da Costa DF 3 0 (0) 2008-2009
87%
59 Marek Jankulovski DF, MF 222 22 (25) 2000-2001, 2002-2010
87%
563 Mario Balotelli FW 59 20 (8) 2007-2010
87%
97 Mirko Vučinić FW 203 65 (24) 2000-2001, 2003-2010
87%
934 Paulo Costa MF 23 1 (0) 2000-2001
87%
834 Ronaldo FW 30 16 (4) 2001-2002, 2006-2008
87%
1516 Samuel DF 2 0 (0) 2001-2002
87%
58 Walter Samuel DF 224 18 (2) 2000-2003, 2005-2010
87%
76 Adriano DF, FW 211 81 (26) 2001-2009
83%
326 Alessandro Costacurta DF 110 1 (1) 2000-2007
83%
466 Alexandre Pato MF, FW 77 36 (6) 2007-2010
83%
173 Álvaro Recoba MF, FW 161 41 (37) 2000-2008
83%
157 Andrea Barzagli DF 171 6 (2) 2003-2008
83%
1551 Andrea Quaglia DF 1 0 (0) 2002-2003
83%
27 Antonio Di Natale FW 251 102 (37) 2002-2010
83%
458 Claudio Marchisio MF 78 6 (4) 2007-2010
83%
195 Cristian Chivu DF 152 7 (7) 2003-2010
83%
72 David Trezeguet FW 214 123 (22) 2000-2005, 2007-2010
83%
329 Edinson Cavani MF, FW 109 34 (4) 2006-2010
83%
318 Jaap Stam DF 112 4 (0) 2001-2006
83%
160 Júlio César GK 170 0 (0) 2005-2010
83%
1351 Júlio César DF 4 0 (0) 2000-2001
83%
36 Julio Ricardo Cruz FW 244 80 (28) 2000-2010
83%
115 Kakha Kaladze DF, MF 192 12 (15) 2000-2010
83%
721 Leonardo Bonucci DF 39 1 (2) 2005-2006, 2009-2010
83%
153 Lilian Thuram DF 174 1 (10) 2000-2006
83%
77 Massimo Ambrosini MF 211 24 (12) 2000-2010
83%
422 Obafemi Martins FW 87 28 (15) 2002-2006
83%
240 Rolando Bianchi FW 134 34 (8) 2000-2002, 2004-2009
83%
503 Sebastian Giovinco MF, FW 69 9 (8) 2007-2010
83%
170 Vincent Candela DF, MF 163 7 (16) 2000-2007
83%
965 Alessandro Del Grosso DF 20 0 (0) 2000-2001
78%
47 Antonio Cassano FW 233 73 (50) 2000-2005, 2007-2010
78%
188 Christian Abbiati GK 155 0 (0) 2000-2006, 2008-2010
78%
235 Cristiano Del Grosso DF 135 0 (6) 2005-2010
78%
23 David Pizarro MF 257 23 (45) 2000-2010
78%
12 Dejan Stanković MF 275 39 (43) 2000-2010
78%
129 Fabio Grosso DF, MF 185 12 (13) 2001-2006, 2009-2010
78%
139 Fabio Quagliarella FW 179 52 (16) 2001-2002, 2005-2010
78%
1029 Francesco Mancini GK 17 0 (0) 2000-2001
78%
104 Goran Pandev MF, FW 198 52 (19) 2003-2010
78%
298 Hidetoshi Nakata MF 119 9 (19) 2000-2005
78%
331 Igor Tudor DF 109 15 (5) 2000-2006
78%
11 Iván Córdoba DF 276 15 (9) 2000-2010
78%
113 Kaká MF, FW 193 70 (51) 2003-2009
78%
124 Mancini MF, FW 187 40 (31) 2003-2010
78%
189 Marco Borriello FW 155 45 (8) 2002-2010
78%
88 Marco Materazzi DF 206 30 (5) 2000-2010
78%
1187 Mario Cassano GK 10 0 (0) 2001-2004
78%
55 Morgan De Sanctis GK 225 0 (0) 2000-2006, 2009-2010
78%
669 Nicolas Frey DF 45 0 (3) 2008-2010
78%
1074 Óscar Córdoba GK 15 0 (0) 2001-2002
78%
117 Riccardo Montolivo MF 192 14 (15) 2004-2010
78%
806 Samuel Eto'o FW 32 12 (5) 2009-2010
78%
2 Sébastien Frey GK 324 0 (0) 2000-2010
78%
56 Sergio Pellissier FW 225 61 (19) 2002-2006, 2008-2010
78%
3 Simone Perrotta MF 305 37 (23) 2000-2010
78%
608 Thiago Motta MF 53 10 (3) 2008-2010
78%
39 Vincenzo Iaquinta FW 242 83 (25) 2000-2010
78%
73 Adrian Mutu MF, FW 213 90 (41) 2000-2002, 2004-2010
74%
71 Amauri FW 215 58 (19) 2000-2001, 2003-2010
74%
114 Angelo Peruzzi GK 192 0 (0) 2000-2007
74%
1444 Antonio Montella FW 2 0 (0) 2006-2007
74%
341 Claudio López FW 106 29 (26) 2000-2004
74%
226 David Suazo FW 139 54 (7) 2004-2007, 2009-2010
74%
145 Enrico Chiesa FW 176 61 (21) 2000-2008
74%
388 Ezequiel Lavezzi MF, FW 95 23 (20) 2007-2010
74%
105 Gianluca Pagliuca GK 197 0 (0) 2000-2004, 2006-2007
74%
342 Gökhan Inler MF 106 3 (7) 2007-2010
74%
1037 Luigi Pagliuca MF 17 1 (0) 2002-2003
74%
107 Luigi Sala DF 195 14 (3) 2000-2009
74%
184 Marcelo Zalayeta FW 158 27 (12) 2001-2005, 2007-2010
74%
84 Marco Amelia GK 208 0 (0) 2003-2010
74%
333 Marco Motta DF 108 2 (4) 2004-2010
74%
336 Marek Hamšík MF 107 30 (11) 2004-2005, 2007-2010
74%
54 Mark Bresciano MF 227 31 (19) 2002-2010
74%
267 Nicolás Burdisso DF 126 6 (2) 2004-2010
74%
373 Patrick Vieira MF 98 11 (11) 2005-2010
74%
1419 Riccardo Taddei MF, FW 3 0 (0) 2000-2002
74%
98 Rodrigo Taddei DF, FW 202 33 (26) 2003-2010
74%
315 Samir Handanović GK 113 0 (0) 2004-2005, 2007-2010
74%
8 Simone Vergassola MF 282 25 (18) 2001-2010
74%
574 Stevan Jovetić MF, FW 58 8 (7) 2008-2010
74%
144 Sulley Muntari MF 179 14 (16) 2002-2006, 2008-2010
74%
310 Valeri Bojinov FW 115 30 (5) 2001-2002, 2003-2005, 2009-2010
74%
155 Vincenzo Montella FW 174 70 (19) 2000-2009
74%
34 Cristiano Doni MF 244 76 (28) 2000-2004, 2006-2010
70%
131 Daniele Conti MF 184 22 (15) 2004-2010
70%
576 Dino Baggio MF 57 1 (1) 2000-2004
70%
468 Dino Fava FW 77 17 (3) 2003-2006
70%
244 Doni GK 133 0 (0) 2005-2010
70%
366 Edgar Davids MF 99 4 (5) 2000-2005
70%
101 Emerson MF 199 17 (13) 2000-2005, 2007-2009
70%
134 Esteban Cambiasso MF 183 23 (14) 2004-2010
70%
137 Fabrizio Miccoli FW 181 70 (36) 2002-2004, 2007-2010
70%
49 Giuseppe Favalli DF 231 3 (4) 2000-2010
70%
501 Javier Chevantón FW 70 32 (15) 2001-2002, 2003-2004, 2009-2010
70%
171 Jonathan Zebina DF 162 1 (2) 2000-2005, 2007-2010
70%
493 Juan DF 72 4 (0) 2007-2010
70%
619 Kily González MF, FW 51 0 (4) 2003-2006
70%
167 Luis Diego López DF 164 3 (0) 2004-2010
70%
712 Marcelo Salas FW 40 9 (5) 2000-2003
70%
57 Marco Cassetti DF, MF 224 13 (14) 2000-2001, 2003-2010
70%
29 Massimo Oddo DF 248 29 (29) 2000-2007, 2009-2010
70%
1039 Maxi López FW 17 11 (2) 2009-2010
70%
871 Mirko Conte DF 27 0 (2) 2003-2005
70%
607 Oliver Bierhoff FW 53 13 (5) 2000-2001, 2002-2003
70%
1100 Óscar López DF 14 0 (1) 2004-2005
70%
393 Roberto Baggio MF, FW 94 45 (32) 2000-2004
70%
530 Ronaldinho MF, FW 65 20 (18) 2008-2010
70%
130 Salvatore Aronica DF 185 0 (5) 2004-2010
70%
406 Samuele Dalla Bona MF 90 8 (4) 2002-2005, 2007-2008
70%
183 Serginho DF, MF 159 17 (23) 2000-2008
70%
446 Stefano Sorrentino GK 81 0 (0) 2001-2002, 2008-2010
70%
332 Stephen Appiah MF 109 11 (3) 2000-2004, 2009-2010
70%
15 Tommaso Rocchi MF, FW 270 91 (30) 2002-2010
70%
1326 Tonino Sorrentino FW 5 1 (0) 2004-2005
70%
553 Tore André Flo FW 62 13 (4) 2003-2005
70%
889 Wesley Sneijder MF 26 4 (5) 2009-2010
70%
514 Aleandro Rosi DF, MF 67 3 (1) 2004-2006, 2009-2010
65%
351 Alessandro Matri FW 104 25 (9) 2002-2003, 2007-2010
65%
652 Alfonso De Lucia GK 47 0 (0) 2001-2002, 2005-2007, 2009-2010
65%
85 Cristian Brocchi MF 206 10 (10) 2000-2010
65%
243 Damiano Tommasi MF 133 10 (7) 2000-2003, 2005-2006
65%
41 Daniele Bonera DF 239 1 (5) 2000-2010
65%
165 Domenico Morfeo MF, FW 165 24 (44) 2000-2008
65%
1382 Esteban González MF 3 0 (0) 2004-2005
65%
988 Ezequiel González MF 19 1 (2) 2001-2002
65%
560 Fernando Muslera GK 60 0 (0) 2007-2010
65%
420 Francesco Coco DF 87 2 (4) 2000-2007
65%
208 Francesco Tavano FW 146 38 (9) 2002-2003, 2005-2007, 2009-2010
65%
1607 Giuseppe Negro 0 1 0 (0) 2005-2006
65%
231 Giuseppe Pancaro DF 137 3 (8) 2000-2007
65%
476 Jon Dahl Tomasson MF, FW 74 22 (7) 2002-2005
65%
743 José Mari FW 37 4 (6) 2000-2002
65%
498 Juan Sebastián Verón MF 71 6 (11) 2000-2001, 2004-2006
65%
369 Luca Antonini DF, MF 99 4 (2) 2003-2004, 2006-2010
65%
133 Luciano MF 184 9 (20) 2001-2006, 2008-2010
65%
181 Luigi Di Biagio MF 160 29 (7) 2000-2004, 2006-2007
65%
348 Luís Figo MF, FW 105 9 (25) 2005-2009
65%
870 Márcio Amoroso FW 27 8 (5) 2000-2001, 2005-2006
65%
343 Marco Ballotta GK 106 0 (0) 2000-2001, 2002-2003, 2005-2008
65%
90 Marco Di Vaio FW 205 92 (17) 2000-2003, 2007-2010
65%
246 Marco Storari GK 132 0 (0) 2004-2010
65%
536 Mariano González MF 64 4 (4) 2004-2007
65%
365 Marius Stankevičius DF, MF 100 6 (5) 2001-2004, 2008-2010
65%
21 Martin Jørgensen MF 258 31 (29) 2000-2010
65%
495 Mauricio Isla DF, MF 72 1 (7) 2007-2010
65%
261 Olivier Dacourt MF 128 2 (4) 2002-2009
65%
320 Paolo Bianco DF 112 4 (0) 2006-2010
65%
268 Paolo Negro DF 126 7 (0) 2000-2007
65%
1212 Raúl González FW 9 0 (0) 2000-2001, 2003-2004
65%
978 Ricardo Verón MF 20 0 (0) 2000-2001, 2002-2003, 2004-2005
65%
950 Rivaldo MF, FW 22 5 (6) 2002-2003
65%
32 Simone Barone MF 247 11 (13) 2001-2010
65%
214 Simone Pepe MF, FW 143 17 (14) 2005-2010
65%
241 Simone Tiribocchi FW 134 37 (9) 2001-2002, 2004-2006, 2008-2010
65%
394 Siniša Mihajlović DF 94 11 (17) 2000-2006
65%
573 Ștefan Radu DF 58 0 (0) 2007-2010
65%
639 Stjepan Tomas DF 49 0 (0) 2000-2001, 2002-2003
65%
386 Walter Gargano MF 96 2 (4) 2007-2010
65%
902 Alberto Paloschi FW 24 6 (1) 2007-2008, 2009-2010
61%
93 Alessandro Gamberini DF 204 4 (2) 2000-2001, 2003-2010
61%
262 Alessio Tacchinardi MF 126 6 (12) 2000-2005
61%
352 Andrea Cossu MF 104 4 (22) 2005-2006, 2007-2010
61%
467 Angelo Di Livio DF, MF 77 2 (3) 2000-2001, 2004-2005
61%
40 Angelo Palombo MF 239 8 (12) 2001-2002, 2003-2010
61%
321 Antonio Nocerino MF 111 3 (5) 2005-2006, 2007-2010
61%
316 Axel Cédric Konan FW 112 20 (7) 2000-2001, 2003-2006, 2008-2009
61%
630 Blerim Džemaili MF 49 0 (3) 2008-2010
61%
445 Carmine Coppola MF 81 1 (3) 2004-2007
61%
301 César DF, MF 118 15 (11) 2001-2009
61%
1025 César Cervo Luca DF 17 1 (0) 2003-2004, 2006-2007, 2008-2009
61%
215 Christian Amoroso MF 142 6 (6) 2000-2004, 2008-2009
61%
200 Christian Maggio DF, MF 150 21 (15) 2000-2001, 2004-2010
61%
25 Cristian Zaccardo DF 255 15 (10) 2001-2007, 2009-2010
61%
242 Cristián Zapata DF 133 3 (1) 2005-2010
61%
42 Dario Dainelli DF 238 7 (1) 2000-2010
61%
317 Dario Hübner FW 112 58 (6) 2000-2004
61%
853 Davide Santon DF 28 0 (1) 2008-2010
61%
412 Domenico Criscito DF, MF 88 5 (5) 2007-2010
61%
761 Edwin van der Sar GK 34 0 (0) 2000-2001
61%
307 Enzo Maresca MF 115 17 (14) 2000-2005
61%
112 Eugenio Corini MF 193 28 (41) 2001-2002, 2004-2009
61%
10 Fabio Liverani MF 276 10 (34) 2000-2010
61%
102 Fábio Simplício MF 199 32 (22) 2004-2010
61%
324 Ferdinando Coppola GK 111 0 (0) 2000-2001, 2003-2004, 2005-2006, 2007-2010
61%
83 Francesco Antonioli GK 208 0 (0) 2000-2005, 2008-2009
61%
540 Germán Denis FW 63 13 (5) 2008-2010
61%
146 Giampaolo Pazzini FW 176 58 (13) 2004-2010
61%
30 Giampiero Pinzi MF 247 13 (8) 2000-2010
61%
814 Gianfranco Zola FW 31 9 (7) 2004-2005
61%
274 Gianluca Pessotto DF, MF 125 0 (2) 2000-2006
61%
377 Gilberto Martínez DF 97 1 (2) 2002-2005
61%
735 Gonzalo Martínez DF 38 0 (4) 2001-2004
61%
187 Guillermo Giacomazzi MF 157 17 (20) 2001-2002, 2003-2009
61%
720 Hakan Şükür FW 39 8 (6) 2000-2002
61%
463 Hugo Campagnaro DF 78 4 (2) 2002-2003, 2007-2010
61%
454 Ignazio Abate DF, MF 79 2 (4) 2007-2010
61%
610 Jérémy Ménez MF, FW 52 5 (5) 2008-2010
61%
266 Jorge Francisco Vargas DF 126 2 (2) 2000-2001, 2002-2006
61%
424 Jorge Martínez MF, FW 86 22 (4) 2007-2010
61%
275 Juan Manuel Vargas DF, MF 125 13 (13) 2006-2010
61%
826 Júlio Sérgio GK 30 0 (0) 2009-2010
61%
368 Leandro Cufré DF 99 1 (4) 2002-2006
61%
1625 Leandro Martínez MF, FW 1 0 (0) 2007-2008
61%
485 Lorenzo De Silvestri DF, MF 73 1 (4) 2006-2010
61%
79 Luca Castellazzi GK 210 0 (0) 2000-2010
61%
1038 Luís Oliveira FW 17 1 (2) 2000-2001
61%
827 Manuel Coppola MF 30 0 (1) 2007-2009
61%
511 Mauro Zárate MF, FW 68 16 (12) 2008-2010
61%
31 Max Tonetto DF, MF 247 11 (22) 2000-2001, 2003-2010
61%
603 Mohamed Sissoko MF 53 3 (2) 2007-2010
61%
19 Nicola Amoruso FW 260 76 (17) 2000-2010
61%
143 Nicola Legrottaglie DF 179 13 (2) 2001-2005, 2007-2010
61%
233 Nicola Ventola FW 136 30 (7) 2000-2001, 2003-2004, 2006-2009
61%
150 Omar Milanetto MF 175 12 (21) 2002-2004, 2007-2010
61%
430 Paolo Montero DF 84 1 (0) 2000-2005
61%
177 Philippe Mexès DF 161 10 (3) 2004-2010
61%
391 Renato Olive MF 94 5 (1) 2000-2002, 2004-2005
61%
884 Ricardo Oliveira FW 26 3 (1) 2006-2007
61%
914 Ricardo Quaresma MF, FW 24 0 (2) 2008-2010
61%
270 Roberto Sensini DF 126 7 (4) 2000-2006
61%
6 Salvatore Lanna DF 283 4 (9) 2001-2010
61%
552 Simon Kjær DF 62 5 (0) 2008-2010
61%
50 Stefano Mauri MF, FW 231 28 (17) 2002-2010
61%
524 Stephan Lichtsteiner DF, MF 66 3 (2) 2008-2010
61%
478 Zdeněk Grygera DF 74 3 (3) 2007-2010
61%
355 Alberto Aquilani MF 102 9 (4) 2002-2003, 2004-2009
57%
426 Alessandro Birindelli DF 84 0 (2) 2000-2004, 2007-2008
57%
417 Andrea Campagnolo GK 87 0 (0) 2005-2010
57%
162 Andrea Caracciolo FW 168 43 (10) 2001-2008
57%
693 Andrea Esposito DF 41 1 (0) 2003-2005, 2008-2010
57%
554 Andrés Guglielminpietro MF 61 3 (3) 2000-2004
57%
790 Andy van der Meyde MF, FW 32 1 (4) 2003-2005
57%
823 Antonio Bocchetti DF 30 0 (1) 2000-2001, 2006-2007
57%
26 Antonio Filippini DF, MF 254 11 (21) 2000-2007, 2009-2010
57%
1130 Carmine Esposito FW 12 0 (0) 2000-2001
57%
220 Christian Manfredini MF 140 7 (6) 2001-2009
57%
397 Daniele Delli Carri DF 92 0 (2) 2001-2005
57%
492 Édgar Barreto MF 72 5 (5) 2007-2010
57%
1203 Emanuele D'Anna MF 9 0 (0) 2008-2009
57%
147 Emanuele Filippini MF 175 6 (9) 2000-2005, 2007-2008
57%
159 Fernando Couto DF 170 8 (1) 2000-2008
57%
1062 Filippo Antonelli MF 15 0 (0) 2005-2006, 2009-2010
57%
103 Francesco Cozza MF 198 41 (24) 2000-2001, 2002-2009
57%
335 Francesco Flachi FW 107 40 (13) 2003-2007
57%
248 Gennaro Delvecchio MF 131 17 (7) 2005-2010
57%
1599 Gennaro Esposito MF 1 0 (0) 2005-2006
57%
1180 Giancarlo Filippini DF 10 0 (0) 2000-2002
57%
51 Giandomenico Mesto DF, MF 229 8 (21) 2002-2010
57%
179 Giuliano Giannichedda MF 160 1 (3) 2000-2005, 2007-2008
57%
227 Giulio Migliaccio DF, MF 139 6 (3) 2004-2005, 2006-2010
57%
132 Igli Tare FW 184 30 (9) 2000-2008
57%
174 Lorenzo D'Anna DF 161 11 (3) 2001-2007
57%
20 Lorenzo Stovini DF 259 4 (1) 2000-2001, 2003-2009
57%
778 Luca Antonelli DF, MF 33 1 (0) 2006-2007, 2009-2010
57%
13 Luciano Zauri DF 273 7 (8) 2000-2010
57%
816 Lúcio DF 31 1 (1) 2009-2010
57%
52 Manuele Blasi MF 229 1 (2) 2000-2010
57%
304 Marco Delvecchio FW 117 15 (9) 2000-2007
57%
1147 Marco Esposito DF 12 0 (1) 2003-2004
57%
325 Mario Frick FW 111 20 (4) 2001-2002, 2006-2009
57%
311 Mark Iuliano DF 114 4 (1) 2000-2003, 2005-2007
57%
700 Massimiliano Esposito MF 41 0 (0) 2000-2002
57%
232 Massimo Maccarone FW 137 46 (10) 2004-2005, 2006-2010
57%
521 Matías Almeyda DF, MF 66 0 (3) 2000-2005
57%
260 Mauro Esposito MF, FW 128 23 (7) 2000-2001, 2004-2009
57%
279 Mozart MF 125 7 (3) 2000-2001, 2002-2004, 2009-2010
57%
431 Paulo Vitor Barreto FW 84 22 (9) 2005-2006, 2009-2010
57%
122 Per Krøldrup DF 188 6 (2) 2001-2010
57%
551 Salvatore Bocchetti DF 62 1 (0) 2006-2007, 2008-2010
57%
724 Santiago Solari MF 39 4 (2) 2005-2008
57%
491 Thomas Helveg DF 73 0 (2) 2000-2004
57%
273 Thomas Manfredini DF 126 3 (2) 2000-2003, 2007-2010
57%
163 Vince Grella MF 168 4 (6) 2002-2008
57%
411 Zeljko Kalac GK 89 0 (0) 2002-2003, 2005-2009
57%
785 Zinédine Zidane MF 33 6 (14) 2000-2001
57%
439 Aleksandar Kolarov DF 82 6 (5) 2007-2010
52%
138 Alessandro Lucarelli DF 179 11 (4) 2001-2002, 2004-2007, 2009-2010
52%
1432 Alessandro Moro MF 2 0 (0) 2005-2006
52%
1023 Andrea Ranocchia DF 17 2 (1) 2009-2010
52%
728 Antonino D'Agostino MF 38 1 (1) 2006-2009
52%
729 Antonio Candreva DF, MF, FW 38 2 (6) 2007-2008, 2009-2010
52%
281 Antonio Chimenti GK 124 0 (0) 2000-2007, 2009-2010
52%
339 Antonio Floro Flores FW 106 20 (8) 2000-2001, 2003-2004, 2007-2010
52%
82 Bernardo Corradi FW 208 54 (18) 2001-2003, 2005-2006, 2007-2010
52%
28 Christian Panucci DF 248 21 (11) 2001-2010
52%
643 Christian Poulsen MF 48 1 (2) 2008-2010
52%
401 Ciro Ferrara DF 91 5 (1) 2000-2005
52%
80 Cristian Ledesma MF 209 10 (21) 2001-2002, 2003-2010
52%
46 Cristiano Lucarelli FW 234 99 (28) 2000-2002, 2004-2007, 2009-2010
52%
302 Cristiano Lupatelli GK 117 0 (0) 2000-2002, 2004-2005, 2007-2010
52%
323 Dario Šimić DF 111 1 (0) 2000-2008
52%
255 Davide Moro MF 128 1 (7) 2005-2007, 2009-2010
52%
295 Fabio Bazzani FW 120 30 (9) 2001-2002, 2003-2007
52%
158 Fabio Moro DF 170 1 (3) 2001-2006, 2008-2010
52%
287 Federico Balzaretti DF 122 1 (7) 2002-2003, 2005-2006, 2007-2010
52%
186 Felipe dal Belo DF 157 7 (2) 2002-2010
52%
257 Gaby Mudingayi MF 128 2 (4) 2005-2010
52%
141 Gaetano D'Agostino MF 179 18 (28) 2000-2001, 2003-2010
52%
582 Gennaro Iezzo GK 56 0 (0) 2004-2005, 2007-2009
52%
1389 Giacomo Ferrari 0 3 0 (0) 2002-2003
52%
592 Gianni Comandini FW 55 9 (4) 2000-2002, 2004-2005
52%
421 Gianni Guigou MF 87 2 (10) 2000-2006
52%
81 Gianpaolo Bellini DF 209 4 (6) 2000-2002, 2004-2005, 2006-2010
52%
192 Giuseppe Biava DF 154 5 (3) 2004-2010
52%
67 Giuseppe Sculli MF, FW 216 30 (13) 2002-2005, 2007-2010
52%
427 Giuseppe Signori FW 84 37 (17) 2000-2004
52%
367 Jeda FW 99 23 (7) 2000-2001, 2007-2010
52%
666 Kwadwo Asamoah DF, MF 45 3 (1) 2008-2010
52%
125 Marco Donadel MF 187 3 (6) 2000-2001, 2003-2010
52%
1405 Marko Arnautović MF, FW 3 0 (0) 2009-2010
52%
68 Massimo Donati MF 216 10 (12) 2000-2006, 2009-2010
52%
228 Massimo Marazzina FW 139 25 (3) 2000-2003, 2005-2006, 2008-2010
52%
600 Mathieu Flamini MF 54 0 (1) 2008-2010
52%
17 Matteo Brighi MF 266 19 (6) 2000-2010
52%
169 Matteo Contini DF 164 3 (2) 2004-2010
52%
78 Matteo Ferrari DF 211 5 (5) 2000-2004, 2006-2009
52%
638 Matteo Paro MF 49 0 (3) 2002-2003, 2005-2006, 2007-2008
52%
779 Matteo Rubin DF, MF 33 0 (1) 2007-2009
52%
1314 Mauricio Pinilla FW 5 0 (0) 2003-2004
52%
758 McDonald Mariga MF 35 0 (1) 2007-2008, 2009-2010
52%
1073 Nicola Mora DF 15 0 (0) 2001-2002
52%
714 Pablo Ledesma MF 40 2 (1) 2008-2010
52%
832 Paolo Orlandoni GK 30 0 (0) 2000-2002, 2005-2006, 2007-2009
52%
176 Pasquale Foggia MF, FW 161 18 (16) 2003-2004, 2005-2010
52%
469 Riccardo Zampagna FW 77 28 (6) 2004-2008
52%
374 Robert Acquafresca FW 98 27 (1) 2005-2006, 2007-2010
52%
193 Roberto Baronio MF 154 2 (7) 2000-2007, 2009-2010
52%
358 Roberto Stellone FW 101 11 (9) 2000-2001, 2003-2004, 2006-2009
52%
437 Rubinho GK 83 0 (0) 2007-2010
52%
450 Shunsuke Nakamura MF 80 11 (12) 2002-2005
52%
127 Stefano Fiore MF 186 33 (34) 2000-2003, 2005-2007
52%
504 Takayuki Morimoto MF, FW 69 14 (5) 2006-2010
52%
588 Tomas Danilevičius FW 56 10 (3) 2004-2005, 2006-2007, 2009-2010
52%
286 Tomáš Ujfaluši DF 123 2 (6) 2004-2008
52%
532 Valon Behrami DF, MF 65 4 (2) 2005-2008
52%
1153 Vikash Dhorasoo MF 12 0 (0) 2004-2005
52%
416 Vincenzo Italiano MF 88 6 (3) 2000-2001, 2006-2007, 2008-2009
52%
665 Vratislav Greško DF 46 0 (5) 2000-2003
52%
337 Zisis Vryzas FW 107 25 (3) 2000-2004
52%
1053 Zvonimir Boban MF 16 1 (3) 2000-2001
52%
472 Adaílton FW 75 17 (10) 2000-2001, 2008-2010
48%
290 Alberto Fontana GK 121 0 (0) 2000-2009
48%
1168 Alberto Fontana GK 10 0 (0) 2002-2003, 2006-2008
48%
280 Alessandro Rosina MF 124 22 (12) 2002-2004, 2006-2009
48%
876 Alessio Cerci MF, FW 26 0 (1) 2003-2005, 2008-2010
48%
534 Alexis Sánchez MF, FW 64 8 (3) 2008-2010
48%
230 Alex Manninger GK 137 0 (0) 2001-2002, 2004-2005, 2006-2010
48%
1440 Andrea De Falco MF 2 0 (0) 2003-2004
48%
136 Antonio Buscè MF 181 14 (19) 2002-2003, 2005-2007, 2009-2010
48%
425 Antonio Mirante GK 85 0 (0) 2005-2006, 2007-2010
48%
201 Bruno Cirillo DF 149 3 (1) 2000-2004, 2007-2009
48%
597 Cicinho DF 54 3 (4) 2007-2010
48%
1376 Ciro Immobile FW 3 0 (0) 2008-2010
48%
99 Claudio Bellucci FW 201 41 (20) 2000-2004, 2007-2010
48%
292 Cristian Molinaro DF, MF 121 1 (0) 2005-2010
48%
660 Dani Osvaldo FW 46 8 (0) 2007-2010
48%
839 David Beckham MF 29 2 (6) 2008-2010
48%
772 Diego MF 33 5 (6) 2009-2010
48%
549 Diego Simeone MF 62 10 (7) 2000-2003
48%
313 Édgar Álvarez DF, MF 113 6 (7) 2004-2007, 2009-2010
48%
314 Emiliano Moretti DF 113 1 (0) 2000-2003, 2009-2010
48%
459 Emre Belözoğlu MF 78 3 (6) 2001-2005
48%
419 Eusebio Di Francesco MF 87 13 (6) 2000-2004
48%
675 Fabiano Santacroce DF 44 0 (1) 2007-2010
48%
591 Fábio Bilica DF 55 1 (1) 2001-2004
48%
217 Fabio Pecchia MF 142 23 (8) 2000-2004, 2006-2007
48%
245 Federico Cossato FW 133 29 (3) 2001-2007
48%
327 Federico Giunti MF 110 5 (11) 2000-2001, 2004-2007
48%
1385 Federico Moretti MF 3 0 (0) 2007-2008, 2009-2010
48%
1090 Gaetano Fontana MF 14 0 (0) 2004-2005, 2006-2007
48%
376 Gianluca Curci GK 97 0 (0) 2004-2010
48%
249 Giuseppe Mascara FW 131 30 (15) 2006-2010
48%
1139 Graziano Pellè FW 12 0 (0) 2003-2004, 2005-2006
48%
378 Guglielmo Stendardo DF 97 6 (0) 2005-2010
48%
265 Igor Budan FW 126 34 (6) 2001-2002, 2004-2010
48%
213 Ivan Pelizzoli GK 143 0 (0) 2000-2007
48%
579 Jean-François Gillet GK 57 0 (0) 2000-2001, 2009-2010
48%
520 John Arne Riise DF, MF 66 7 (2) 2008-2010
48%
414 Jonathan Bachini MF 88 7 (4) 2000-2006
48%
626 Juan Zúñiga DF, MF 50 0 (1) 2008-2010
48%
407 Luca Marchegiani GK 89 0 (0) 2000-2005
48%
229 Manuel Pasqual DF, MF 138 2 (17) 2005-2010
48%
663 Mariano Andújar GK 46 0 (0) 2005-2006, 2009-2010
48%
509 Mariano Bogliacino MF 68 6 (3) 2007-2010
48%
210 Matuzalém MF 145 8 (11) 2000-2003, 2008-2010
48%
207 Maurizio Domizzi DF 147 15 (2) 2003-2005, 2007-2010
48%
976 Michele Cossato FW 20 3 (1) 2000-2002
48%
142 Michele Pazienza MF 179 3 (1) 2003-2010
48%
512 Mohamed Kallon FW 68 22 (9) 2000-2004
48%
872 Olof Mellberg DF, MF 27 2 (0) 2008-2009
48%
751 Pablo Álvarez DF 36 0 (1) 2007-2010
48%
962 Pablo Álvarez DF 21 0 (0) 2007-2009
48%
843 Pinga MF 29 3 (3) 2001-2002, 2005-2006
48%
357 Raffaele Palladino MF, FW 101 11 (6) 2005-2006, 2007-2010
48%
649 Roque Júnior DF 48 0 (0) 2000-2004
48%
723 Samuel Kuffour DF 39 0 (1) 2005-2007
48%
836 Stefano Okaka FW 30 2 (2) 2005-2006, 2008-2010
48%
296 Stephen Makinwa FW 120 16 (9) 2003-2010
48%
566 Victor Obinna FW 59 12 (4) 2005-2006, 2008-2009
48%
433 Vitali Kutuzov FW 84 8 (4) 2001-2002, 2004-2006, 2009-2010
48%
178 Zé Maria DF 161 17 (26) 2000-2006
48%
379 Andrea Dossena DF, MF 96 2 (3) 2001-2002, 2005-2007, 2009-2010
43%
251 Antonio Langella MF, FW 129 18 (16) 2004-2010
43%
547 Benoît Cauet MF 62 1 (4) 2000-2003
43%
164 Cesare Bovo DF 165 8 (5) 2003-2010
43%
361 Christian Terlizzi DF 100 7 (0) 2004-2010
43%
334 Cristian Silvestri DF 107 1 (2) 2001-2002, 2003-2004, 2006-2009
43%
306 Daniele Adani DF 115 5 (0) 2000-2008
43%
624 Daniele Corvia FW 50 2 (3) 2003-2004, 2006-2008
43%
236 Daniele Dessena MF 135 10 (1) 2004-2010
43%
1302 Dario Marcolin MF 5 0 (0) 2002-2003
43%
74 David Di Michele FW 213 60 (15) 2001-2008
43%
1131 Davide Possanzini MF, FW 12 1 (1) 2000-2001, 2004-2005
43%
577 Diomansy Kamara FW 57 11 (5) 2002-2004
43%
556 Domenico Giampà MF 61 3 (1) 2004-2007
43%
1579 Edgar Çani FW 1 0 (0) 2007-2008
43%
969 Emanuel Rivas MF 20 3 (0) 2009-2010
43%
1133 Fabián Carini GK 12 0 (0) 2004-2006
43%
506 Federico Marchetti GK 68 0 (0) 2008-2010
43%
567 Felipe Melo DF, MF 58 6 (1) 2008-2010
43%
1061 Fernando Redondo MF 15 0 (2) 2002-2004
43%
632 Filippo Maniero FW 49 19 (5) 2001-2002, 2003-2004
43%
219 Francesco Modesto DF, MF 141 3 (12) 2005-2010
43%
308 Francesco Pisano DF 115 0 (1) 2004-2010
43%
94 Franco Semioli MF 204 14 (28) 2001-2002, 2003-2010
43%
53 Gianluca Comotto DF 228 11 (9) 2000-2003, 2005-2010
43%
956 Giorgos Karagounis MF 21 0 (1) 2003-2005
43%
618 Hasan Salihamidžić DF, MF 51 7 (3) 2007-2010
43%
634 Javier Farinós MF 49 2 (3) 2000-2004
43%
1094 Johann Vogel MF 14 0 (0) 2005-2006
43%
924 Juan Pablo Carrizo GK 23 0 (0) 2008-2009
43%
627 Júlio Baptista MF, FW 50 12 (1) 2008-2010
43%
1393 Karamoko Cissé MF, FW 3 0 (0) 2006-2007
43%
777 Laurent Blanc DF, MF 33 3 (0) 2000-2001
43%
508 Luis Jiménez MF, FW 68 9 (7) 2005-2010
43%
121 Marcello Castellini DF 188 3 (3) 2000-2005, 2008-2009
43%
168 Marco Pisano DF 164 1 (8) 2002-2010
43%
175 Marco Zanchi DF 161 6 (2) 2000-2007
43%
328 Mariano Julio Izco MF 110 1 (5) 2006-2010
43%
161 Mario Santana MF 170 17 (18) 2001-2002, 2003-2010
43%
543 Mario Yepes DF 63 1 (4) 2008-2010
43%
197 Massimo Gobbi DF, MF 152 7 (11) 2004-2010
43%
252 Mattia Cassani DF 129 2 (7) 2006-2010
43%
429 Mourad Meghni MF 84 5 (2) 2002-2004, 2007-2010
43%
802 Nelson Rivas DF 32 2 (0) 2007-2010
43%
881 Nicolás Spolli DF 26 1 (0) 2009-2010
43%
606 Nuno Gomes FW 53 14 (6) 2000-2002
43%
151 Paolo Castellini DF 175 1 (6) 2001-2003, 2006-2007, 2009-2010
43%
489 Paolo De Ceglie DF 73 2 (2) 2007-2010
43%
629 Paolo Di Canio FW 50 11 (5) 2004-2006
43%
253 Rahman Rezaei DF 129 6 (3) 2001-2002, 2004-2008
43%
289 Reginaldo FW 122 16 (13) 2005-2007, 2009-2010
43%
550 Rubén Olivera MF 62 8 (4) 2002-2003, 2004-2005, 2006-2009
43%
805 Salvatore Sirigu GK 32 0 (0) 2009-2010
43%
271 Sergio Almirón MF 126 17 (3) 2001-2002, 2005-2010
43%
223 Sergio Floccari FW 140 37 (16) 2005-2010
43%
979 Sergio Marcon GK 20 0 (0) 2003-2005
43%
621 Sokratis Papastathopoulos DF 51 2 (1) 2008-2010
43%
783 Thiago Silva DF 33 2 (0) 2009-2010
43%
861 Abel Hernández FW 27 7 (2) 2008-2010
39%
24 Aimo Diana DF, MF 255 24 (19) 2000-2009
39%
726 Albano Bizzarri GK 38 0 (0) 2007-2009
39%
60 Alessandro Agostini DF 221 0 (6) 2001-2010
39%
205 Alessandro Grandoni DF 147 2 (1) 2003-2007, 2009-2010
39%
739 Alessio Scarpi GK 37 0 (0) 2003-2004, 2007-2010
39%
641 Andrea Consigli GK 48 0 (0) 2008-2010
39%
789 Andrea Poli MF 32 0 (1) 2007-2008, 2009-2010
39%
300 Andrea Zanchetta MF 118 14 (15) 2000-2001, 2003-2006, 2008-2009
39%
718 Asamoah Gyan FW 39 11 (4) 2003-2004, 2006-2008
39%
672 Atsushi Yanagisawa FW 44 0 (2) 2003-2006
39%
984 Bogdan Lobonț GK 19 0 (0) 2005-2006, 2009-2010
39%
156 Christian Obodo MF 173 9 (7) 2001-2010
39%
35 Daniele Franceschini MF 244 19 (19) 2001-2010
39%
218 Daniele Gastaldello DF 141 6 (0) 2005-2010
39%
353 Daniele Mannini MF 104 10 (7) 2004-2005, 2007-2010
39%
955 Diego Tristán FW 21 1 (1) 2007-2008
39%
731 Dimitrios Eleftheropoulos GK 38 0 (0) 2004-2005, 2006-2009
39%
44 Emiliano Bonazzoli FW 236 48 (22) 2000-2009
39%
106 Emílson Cribari DF 196 2 (3) 2002-2010
39%
166 Erjon Bogdani FW 165 25 (7) 2000-2001, 2002-2003, 2005-2010
39%
120 Fabio Galante DF 188 8 (2) 2001-2002, 2004-2007, 2009-2010
39%
732 Fabio Gallo MF 38 0 (4) 2000-2001, 2005-2007
39%
631 Fabio Gatti MF 49 0 (0) 2000-2004
39%
1345 Filipe Gomes MF 4 0 (0) 2008-2009
39%
1176 Filippo Savi MF 10 0 (0) 2004-2006
39%
742 Francesco Lodi MF 37 1 (4) 2003-2004, 2005-2006, 2009-2010
39%
191 Franco Brienza MF, FW 154 26 (14) 2003-2009
39%
1466 Gaetano Cala 0 2 0 (0) 2006-2007
39%
96 Giacomo Tedesco MF 203 6 (21) 2000-2001, 2003-2010
39%
633 Gianluca Grava DF 49 0 (0) 2007-2010
39%
135 Giovanni Tedesco MF 182 29 (9) 2000-2003, 2005-2010
39%
1140 Ibrahima Camara DF, MF 12 0 (0) 2004-2006
39%
149 Ighli Vannucchi MF 175 19 (21) 2001-2003, 2005-2008
39%
180 Ivan Franceschini DF 160 7 (0) 2002-2009
39%
423 Ivan Jurić MF 86 0 (11) 2007-2010
39%
1481 Iván Zamorano FW 2 1 (0) 2000-2001
39%
710 Ivone De Franceschi MF 40 3 (1) 2001-2005
39%
309 Jaime Valdés MF, FW 115 11 (9) 2000-2001, 2004-2005, 2008-2010
39%
842 Jonathan Biabiany MF, FW 29 6 (3) 2009-2010
39%
398 Jorge Bolaño MF 92 0 (2) 2000-2001, 2003-2007
39%
395 Lamberto Zauli MF 93 12 (11) 2000-2001, 2004-2006
39%
1626 Lorenzo Insigne MF, FW 1 0 (0) 2009-2010
39%
194 Luca Bucci GK 153 0 (0) 2001-2009
39%
293 Luca Cigarini MF 121 9 (9) 2005-2010
39%
277 Maicon Sisenando DF 125 13 (25) 2006-2010
39%
1236 Maniche MF 8 1 (0) 2007-2008
39%
288 Massimo Taibi GK 122 1 (0) 2000-2002, 2004-2005, 2006-2007
39%
399 Mauro Milanese DF 92 3 (3) 2000-2004
39%
344 Michele Canini DF 106 0 (0) 2005-2010
39%
198 Michele Fini MF 151 10 (22) 2005-2010
39%
405 Moris Carrozzieri DF, FW 90 3 (1) 2003-2004, 2006-2009
39%
594 Nicola Caccia FW 55 6 (6) 2001-2003
39%
109 Ousmane Dabo MF 194 9 (5) 2000-2005, 2007-2010
39%
571 Piá MF, FW 58 5 (4) 2001-2002, 2004-2005, 2007-2010
39%
1260 Radja Nainggolan MF 7 0 (0) 2009-2010
39%
702 Rafael da Silva DF 41 2 (1) 2004-2006
39%
522 Sean Sogliano DF 66 0 (0) 2000-2004
39%
63 Sergio Volpi MF 218 20 (21) 2001-2002, 2003-2010
39%
523 Simone Del Nero DF, FW 66 2 (2) 2000-2001, 2002-2004, 2007-2010
39%
350 Souleymane Diamoutene DF 105 1 (1) 2003-2005, 2008-2010
39%
92 Valerio Bertotto DF 205 2 (3) 2000-2008
39%
1698 Vampeta MF 1 0 (0) 2000-2001
39%
389 Vincenzo Sicignano GK 95 0 (0) 2003-2007
39%
753 Yoann Gourcuff MF 36 2 (3) 2006-2008
39%
517 Abdelkader Ghezzal FW 66 11 (5) 2008-2010
35%
616 Abdoulay Konko DF, MF 51 4 (3) 2006-2008
35%
640 Aldair DF 48 0 (1) 2000-2003
35%
1372 Andrea Alberti FW 3 0 (0) 2002-2003
35%
291 Andrea Gasbarroni MF, FW 121 16 (11) 2004-2009
35%
740 Armando Pantanelli GK 37 0 (0) 2006-2007
35%
322 Arturo Di Napoli FW 111 26 (3) 2001-2002, 2004-2007
35%
704 Benito Carbone FW 40 6 (9) 2002-2004
35%
864 Carlos Gamarra DF 27 0 (1) 2002-2005
35%
64 Cesare Natali DF 217 6 (3) 2001-2010
35%
1274 Claudio Paris MF 6 0 (0) 2000-2002
35%
793 Cristian Bucchi FW 32 6 (1) 2000-2001, 2003-2004, 2007-2008
35%
371 Daniel Andersson DF, MF 98 9 (7) 2000-2004
35%
893 Daniele Cacia FW 25 2 (1) 2007-2009
35%
1570 Daniel Maa Boumsong MF 1 0 (0) 2005-2006
35%
196 Davide Biondini MF 152 5 (9) 2005-2010
35%
471 Davor Vugrinec MF, FW 76 19 (12) 2000-2003
35%
481 Demetrio Albertini MF, FW 73 3 (5) 2000-2001, 2003-2005
35%
559 Emanuele Belardi GK 60 0 (0) 2000-2001, 2002-2003, 2007-2009
35%
381 Emanuele Calaiò FW 96 15 (0) 2001-2002, 2007-2010
35%
602 Ezequiel Carboni MF 53 0 (2) 2008-2010
35%
460 Fabrizio Ferron GK 78 0 (0) 2000-2003
35%
1134 Francesco Carbone DF 12 0 (0) 2005-2006
35%
971 Gaizka Mendieta MF 20 0 (0) 2001-2002
35%
1388 Giacomo Bonaventura MF, FW 3 0 (0) 2007-2010
35%
719 Gianvito Plasmati FW 39 5 (1) 2006-2007, 2008-2010
35%
448 Gionatha Spinesi FW 80 27 (5) 2000-2001, 2006-2009
35%
815 Giorgio Corona FW 31 7 (0) 2006-2007
35%
1065 Giuseppe Bellusci DF 15 0 (0) 2006-2007, 2009-2010
35%
1228 Giuseppe Greco FW 8 1 (0) 2002-2003, 2009-2010
35%
776 Giuseppe Scurto DF 33 1 (0) 2004-2007
35%
500 Houssine Kharja MF 70 12 (4) 2005-2006, 2007-2010
35%
867 Igor Protti FW 27 6 (2) 2004-2005
35%
765 Javier Pastore MF, FW 34 3 (5) 2009-2010
35%
1044 Javi Moreno FW 16 2 (1) 2001-2002
35%
736 José Chamot DF 38 0 (0) 2000-2003
35%
1159 Juan Cuadrado DF, MF, FW 11 0 (0) 2009-2010
35%
689 Kewullay Conteh DF 42 0 (0) 2001-2002, 2004-2007
35%
1483 Leandro Greco MF 2 0 (0) 2004-2006
35%
415 Leonardo Talamonti DF 88 2 (0) 2004-2005, 2006-2010
35%
798 Ludovic Giuly MF, FW 32 6 (0) 2007-2008
35%
799 Luigi Beghetto FW 32 2 (0) 2001-2002, 2005-2006
35%
1068 Marco Andreolli DF 15 0 (0) 2004-2006, 2009-2010
35%
363 Marco Ferrante FW 100 25 (6) 2000-2002, 2004-2006
35%
108 Marco Marchionni MF 194 22 (28) 2001-2005, 2007-2010
35%
487 Marco Zoro DF 73 3 (1) 2004-2007
35%
1404 Mário Jardel FW 3 0 (0) 2003-2004
35%
1638 Massimiliano Caputo FW 1 0 (0) 2002-2003
35%
1016 Massimo Beghetto DF 18 0 (0) 2000-2001
35%
319 Massimo Mutarelli MF 112 8 (5) 2004-2010
35%
444 Matías Silvestre DF 82 1 (0) 2007-2010
35%
283 Matteo Sereni GK 124 0 (0) 2002-2005, 2007-2009
35%
456 Maxwell DF 79 2 (2) 2006-2009
35%
211 Michele Marcolini MF 145 15 (6) 2000-2001, 2004-2005, 2006-2007, 2008-2010
35%
745 Miguel Britos DF 37 1 (0) 2008-2010
35%
48 Mirko Pieri DF, MF 232 1 (8) 2000-2010
35%
1411 Nicolae Dică MF, FW 3 0 (0) 2008-2009
35%
1503 Nicola Padoin MF 2 0 (0) 2002-2003
35%
409 Nicola Pozzi FW 89 18 (3) 2005-2007, 2009-2010
35%
1122 Olivier Kapo MF, FW 13 0 (2) 2004-2005
35%
873 Pep Guardiola MF 27 3 (2) 2001-2003
35%
1103 Philippe Senderos DF 14 0 (0) 2008-2009
35%
557 Pierre Womé DF 61 5 (3) 2000-2001, 2004-2006
35%
1021 Robert Kovač DF 18 1 (2) 2005-2006
35%
91 Roberto Guana MF 205 2 (5) 2000-2010
35%
222 Roberto Muzzi FW 140 34 (16) 2000-2007
35%
1022 Salvatore Soviero GK 18 0 (0) 2004-2005
35%
490 Sérgio Conceição MF 73 6 (12) 2000-2004
35%
396 Simone Loria DF 93 12 (1) 2004-2005, 2006-2009
35%
354 Simone Padoin DF, MF 103 8 (5) 2007-2010
35%
691 Tiago Mendes MF 42 0 (3) 2007-2010
35%
615 Traianos Dellas DF 52 2 (1) 2001-2005
35%
1697 Valerio Fiori GK 1 0 (0) 2002-2003
35%
622 Vangelis Moras DF 51 2 (0) 2008-2010
35%
250 William Viali DF 130 4 (5) 2000-2006
35%
502 Zdravko Kuzmanović MF 70 3 (3) 2006-2009
35%
1052 Zlatko Dedić FW 16 0 (0) 2005-2007
35%
294 Alessandro Budel MF 120 3 (7) 2003-2007, 2009-2010
30%
863 Alessandro Diamanti MF, FW 27 4 (2) 2007-2008, 2009-2010
30%
434 Alessandro Parisi DF 83 8 (7) 2004-2006, 2009-2010
30%
346 Alex Pinardi MF 105 12 (8) 2000-2002, 2004-2006
30%
505 Andrea Cupi DF 68 0 (0) 2002-2003, 2007-2008
30%
694 Andrea Masiello DF 41 3 (0) 2004-2005, 2007-2008, 2009-2010
30%
263 Andrea Parola MF 126 1 (2) 2005-2010
30%
224 Andrea Raggi DF 139 3 (0) 2005-2010
30%
754 Antonino Barillà DF, MF 35 1 (0) 2005-2006, 2008-2009
30%
1560 Bruno Lança Andrade MF 1 0 (0) 2005-2006
30%
225 Carlo Nervo MF 139 10 (6) 2000-2005
30%
791 Carlos Carmona MF 32 0 (0) 2008-2009
30%
340 Carlos Paredes MF 106 11 (1) 2002-2006
30%
440 Carlos Valdez DF 82 0 (0) 2005-2006, 2007-2009
30%
1054 Carlo Zotti GK 15 0 (0) 2002-2004, 2006-2007
30%
1562 Catilina Aubameyang MF 1 0 (0) 2002-2003
30%
387 Christian Riganò FW 95 29 (12) 2004-2008
30%
1378 Claudio Pani MF 3 0 (0) 2004-2005, 2008-2009
30%
838 Cosmin Contra DF, MF 29 3 (6) 2001-2002
30%
705 Cristian Llama MF 40 2 (1) 2007-2010
30%
18 Cristian Zenoni DF 265 4 (17) 2000-2010
30%
65 Damiano Zenoni DF, MF 217 2 (9) 2000-2002, 2004-2007, 2009-2010
30%
453 Daniele Balli GK 79 0 (0) 2003-2004, 2005-2008
30%
347 Daniele Berretta MF 105 6 (4) 2000-2005
30%
954 Daniele Daino DF 21 0 (0) 2000-2001, 2003-2005
30%
111 Daniele Portanova DF 193 10 (1) 2004-2010
30%
673 Davide Astori DF 44 2 (0) 2008-2010
30%
555 Davide Bombardini MF 61 2 (3) 2002-2003, 2006-2007, 2008-2010
30%
730 David Rozehnal DF 38 0 (0) 2007-2009
30%
128 Diego De Ascentis MF 185 2 (2) 2001-2002, 2005-2010
30%
441 Erminio Rullo DF 82 1 (2) 2003-2005, 2007-2008, 2009-2010
30%
1175 Fabrizio Cacciatore DF 10 0 (0) 2009-2010
30%
653 Federico Agliardi GK 47 0 (0) 2003-2008
30%
462 Francesco Parravicini MF 78 3 (0) 2005-2010
30%
247 Francesco Pratali DF 131 1 (0) 2002-2003, 2005-2010
30%
372 Gaetano De Rosa DF 98 6 (1) 2000-2001, 2004-2005, 2007-2008
30%
991 Giampiero Maini MF 19 1 (0) 2001-2002, 2003-2004
30%
1114 Giovanni Marchese DF 13 0 (0) 2006-2007, 2009-2010
30%
148 Giovanni Pasquale DF 175 3 (7) 2002-2010
30%
89 Giulio Falcone DF 205 0 (0) 2000-2008
30%
734 Giuseppe Gemiti DF, MF 38 0 (1) 2002-2003, 2005-2006
30%
709 Gleison Santos DF 40 0 (0) 2007-2009
30%
402 György Garics DF, MF 91 2 (0) 2007-2010
30%
239 Iacopo Balestri DF 134 1 (10) 2002-2007
30%
570 Ivica Iliev MF, FW 58 1 (4) 2004-2007
30%
878 Jay Bothroyd FW 26 4 (4) 2003-2004
30%
1350 Jorge Andrade DF 4 0 (0) 2007-2008
30%
258 Juárez DF 128 0 (1) 2000-2006
30%
526 Julio César de León MF 65 7 (6) 2002-2003, 2006-2008
30%
382 Leandro Rinaudo DF 96 4 (3) 2005-2010
30%
722 Lorenzo Squizzi GK 39 0 (0) 2005-2006, 2008-2010
30%
1487 Luca Marrone DF, MF 2 0 (0) 2009-2010
30%
677 Luca Rossettini DF 44 0 (1) 2007-2010
30%
182 Luca Vigiani MF 159 12 (11) 2004-2010
30%
527 Luigi Sartor DF 65 0 (0) 2000-2005
30%
404 Marco Biagianti MF 90 3 (2) 2006-2010
30%
1492 Marco Negri FW 2 0 (0) 2001-2002
30%
488 Martin Laursen DF 73 2 (0) 2000-2004
30%
828 Maurizio D'Angelo DF 30 0 (0) 2001-2004
30%
647 Mauro Mayer DF 48 0 (3) 2002-2004
30%
668 Maximiliano Pellegrino DF 45 2 (0) 2007-2010
30%
586 Michele Paramatti DF 56 1 (1) 2000-2003
30%
801 Modibo Diakité DF 32 1 (0) 2006-2010
30%
1412 Nicolás Amodio MF 3 0 (0) 2008-2009
30%
912 Okan Buruk MF 24 2 (4) 2001-2004
30%
1292 Palmiro Di Dio DF 6 0 (0) 2006-2007
30%
949 Papa Waigo MF, FW 22 2 (1) 2007-2009
30%
1150 Pasquale Luiso FW 12 1 (0) 2000-2001, 2003-2004
30%
269 Paul Codrea DF, MF 126 3 (5) 2003-2004, 2005-2010
30%
1075 Pelé MF 15 0 (0) 2007-2008
30%
1508 Rafael Santos DF 2 0 (0) 2009-2010
30%
1323 Rene Krhin MF, FW 5 0 (0) 2009-2010
30%
804 Riccardo Meggiorini FW 32 5 (2) 2004-2005, 2009-2010
30%
1673 Richard Porta FW 1 0 (0) 2007-2008
30%
385 Roberto D'Aversa MF 96 1 (13) 2003-2007
30%
1421 Roberto De Zerbi MF, FW 3 0 (0) 2007-2008
30%
475 Roberto Sosa FW 75 23 (3) 2000-2001, 2007-2008
30%
349 Sabri Lamouchi MF 105 7 (8) 2000-2004
30%
538 Salvatore Masiello DF, MF 64 2 (4) 2006-2007, 2009-2010
30%
284 Saša Bjelanović FW 124 22 (5) 2002-2003, 2004-2008
30%
531 Stefano Bettarini DF 65 2 (3) 2001-2002, 2003-2005
30%
875 Stefano Lombardi DF 27 0 (0) 2000-2001, 2003-2004, 2006-2007
30%
1295 Thomas Hitzlsperger MF 6 1 (0) 2009-2010
30%
118 Tomas Locatelli MF, FW 192 26 (20) 2000-2008
30%
1363 Tommaso Berni GK 4 0 (0) 2006-2007, 2009-2010
30%
727 Alberto Giuliatto DF 38 0 (1) 2005-2006, 2008-2009
26%
837 Albin Ekdal MF 29 1 (0) 2008-2010
26%
338 Aleksandar Luković DF 106 0 (5) 2006-2010
26%
545 Alessandro Calori DF 62 1 (0) 2000-2002
26%
546 Alex Calderoni GK 62 0 (0) 2002-2003, 2004-2005, 2006-2007, 2008-2009
26%
1437 Anderson MF 2 0 (0) 2002-2003, 2005-2006
26%
589 Andrea Ardito MF 55 1 (1) 2003-2004, 2006-2007, 2008-2009
26%
254 Andrea Coda DF 128 0 (1) 2005-2010
26%
457 Andrea Sussi DF 78 2 (3) 2001-2002, 2003-2005
26%
915 Angelo Ogbonna DF 23 0 (1) 2006-2007, 2008-2009
26%
360 Anthony Šerić DF 100 2 (3) 2000-2005
26%
590 Boško Janković MF 55 6 (2) 2007-2010
26%
967 Carlo Taldo FW 20 1 (1) 2002-2004
26%
216 Claudio Rivalta DF 142 2 (2) 2000-2001, 2004-2005, 2006-2009
26%
659 Cristian Raimondi DF, MF 46 0 (2) 2004-2005, 2009-2010
26%
706 Cristian Stellini DF 40 1 (1) 2002-2003, 2009-2010
26%
447 Damiano Ferronetti DF, MF 80 1 (0) 2002-2003, 2004-2010
26%
1082 Daniele Ragatzu MF, FW 14 3 (0) 2008-2010
26%
894 Davide Bassi GK 25 0 (0) 2006-2008
26%
206 Davide Mandelli DF 147 6 (3) 2004-2006, 2008-2010
26%
609 Davide Marchini MF 52 3 (4) 2006-2010
26%
1043 Dražen Bolić DF 16 0 (0) 2003-2004
26%
920 Dušan Basta DF, MF 23 0 (0) 2008-2010
26%
1026 Edmundo MF, FW 17 4 (0) 2000-2001
26%
598 Elvis Abbruscato FW 54 6 (1) 2006-2007, 2008-2010
26%
763 Emiliano Viviano GK 34 0 (0) 2009-2010
26%
1223 Erwin Hoffer FW 8 0 (0) 2009-2010
26%
922 Fabián O'Neill MF 23 1 (2) 2000-2002
26%
525 Fabio Firmani MF 65 4 (2) 2000-2001, 2005-2007, 2009-2010
26%
413 Fabrizio Ficini MF 88 0 (1) 2002-2003, 2005-2007
26%
970 Fabrizio Ravanelli FW 20 8 (3) 2000-2001, 2003-2004
26%
190 Fausto Rossini FW 154 20 (9) 2000-2008
26%
515 Ferdinand Coly DF 67 2 (0) 2003-2004, 2005-2008
26%
256 Fernando Tissone MF 128 6 (9) 2004-2010
26%
599 Francesco Benussi GK 54 0 (0) 2005-2006, 2008-2010
26%
942 Francesco Montervino MF 22 1 (0) 2007-2009
26%
1087 Francesco Moriero MF 14 1 (0) 2000-2001
26%
303 Francisco Lima MF 117 0 (11) 2000-2004
26%
237 Gianluca Falsini DF 135 0 (4) 2000-2007
26%
75 Giuseppe Colucci MF 212 19 (15) 2000-2009
26%
1012 Giuseppe Vives MF 18 1 (0) 2008-2009
26%
1181 Grigoris Georgatos DF, MF 10 1 (1) 2001-2002
26%
519 Joaquín Larrivey FW 66 5 (1) 2007-2010
26%
403 José Luís Vidigal MF 91 5 (2) 2000-2001, 2004-2008
26%
362 Júnior DF, MF 100 3 (12) 2000-2004
26%
662 Karel Poborský MF 46 5 (9) 2000-2002
26%
221 Leonardo Colucci MF 140 2 (8) 2000-2004, 2006-2007
26%
259 Luca Ariatti DF, MF 128 4 (3) 2004-2005, 2006-2007, 2008-2010
26%
584 Lucas Castromán MF, FW 56 5 (5) 2000-2004
26%
202 Manuel Belleri DF 149 3 (4) 2002-2009
26%
1635 Marco Calderoni DF 1 0 (0) 2009-2010
26%
62 Marco Di Loreto DF 220 8 (5) 2000-2003, 2005-2009
26%
486 Marco Fortin GK 73 0 (0) 2003-2008
26%
767 Marcos Assunção MF 34 8 (5) 2000-2002
26%
428 Marc Pfertzel DF, MF 84 4 (1) 2004-2007
26%
455 Markus Schopp MF 79 3 (4) 2001-2005
26%
580 Massimiliano Fusani MF 57 3 (1) 2001-2005
26%
1359 Matteo Darmian DF, MF 4 0 (0) 2006-2007, 2008-2009
26%
537 Maurizio Ganz MF, FW 64 10 (4) 2000-2001, 2003-2004
26%
585 Mauro Bressan MF 56 1 (3) 2000-2002
26%
1407 Michael Agazzi GK 3 0 (0) 2009-2010
26%
408 Michele Ferri DF 89 3 (0) 2004-2009
26%
1237 Mido FW 8 0 (2) 2004-2005
26%
605 Nicola Pavarini GK 53 0 (0) 2004-2005, 2007-2008, 2009-2010
26%
948 Nicolás Navarro GK 22 0 (0) 2007-2009
26%
345 Nikola Lazetić MF 106 2 (9) 2002-2003, 2005-2008
26%
595 Paolo Poggi FW 55 7 (3) 2000-2001, 2003-2004
26%
759 Paulinho FW 35 2 (1) 2004-2007
26%
392 Reto Ziegler DF, MF 94 3 (10) 2006-2010
26%
782 Riccardo Maspero MF 33 3 (4) 2001-2003
26%
1293 Robbie Keane FW 6 0 (0) 2000-2001
26%
715 Roberto Maltagliati DF 40 0 (1) 2001-2002, 2003-2005
26%
1511 Rodney Strasser MF 2 0 (0) 2008-2010
26%
819 Rodrigo Palacio MF, FW 31 7 (6) 2009-2010
26%
1152 Salvatore Bruno FW 12 0 (0) 2003-2004, 2006-2007
26%
746 Salvatore Sullo MF 37 2 (3) 2004-2007
26%
835 Sandro Cois MF 30 1 (1) 2000-2003
26%
43 Sebastiano Siviglia DF 238 10 (4) 2000-2010
26%
572 Simone Bentivoglio MF 58 2 (4) 2008-2010
26%
477 Simone Missiroli MF 74 3 (2) 2004-2008
26%
126 Stefano Morrone MF 187 11 (10) 2001-2002, 2003-2007, 2009-2010
26%
651 Stéphane Dalmat MF 48 3 (4) 2000-2003
26%
1422 Stephan El Shaarawy DF, MF, FW 3 0 (0) 2008-2010
26%
738 Vedin Musić DF, MF 38 3 (1) 2002-2003, 2006-2007
26%
964 Vladimir Jugović MF 21 1 (2) 2000-2001
26%
1266 Wilfried Dalmat MF, FW 7 1 (0) 2003-2004
26%
1196 Adem Ljajić MF, FW 9 0 (1) 2009-2010
22%
656 Adriano Zancopè GK 46 0 (0) 2003-2004, 2005-2006
22%
1267 Ahmed Barusso MF 6 0 (0) 2007-2009
22%
1298 Alessandro Bernardini DF 5 0 (0) 2009-2010
22%
451 Alessandro Pierini DF 79 2 (0) 2000-2004
22%
1217 Andrea Cocco FW 8 1 (0) 2005-2007
22%
952 Andrea Fabbrini FW 21 1 (1) 2002-2003
22%
682 Andrea Giallombardo DF 43 0 (3) 2004-2007
22%
359 Andrea Lazzari MF 100 9 (7) 2004-2005, 2008-2010
22%
375 Andrea Mantovani DF 97 5 (4) 2002-2003, 2005-2006, 2008-2010
22%
479 Andrea Pisanu MF, FW 73 6 (8) 2004-2007, 2009-2010
22%
299 Andrea Sottil DF 118 3 (1) 2000-2003, 2006-2008
22%
452 Antonino Bernardini MF 79 1 (10) 2000-2001, 2004-2005, 2006-2008
22%
658 Antonio Benarrivo DF 46 0 (1) 2000-2004
22%
953 Antonio Giosa DF 21 0 (0) 2005-2007
22%
1129 Artur Moraes GK 12 0 (0) 2008-2010
22%
747 César Prates DF, MF 36 0 (3) 2005-2007
22%
985 Christian Puggioni GK 19 0 (0) 2006-2007, 2008-2009
22%
418 Ciro Capuano DF 87 2 (5) 2004-2005, 2006-2010
22%
1333 Claudio De Sousa FW 4 1 (0) 2004-2005
22%
548 Corrado Colombo FW 62 4 (6) 2000-2001, 2003-2006
22%
1565 Costinha MF 1 0 (0) 2007-2008
22%
1006 Cristhian Stuani MF, FW 18 1 (1) 2007-2009
22%
562 Daniele Capelli DF 59 3 (1) 2004-2005, 2007-2010
22%
539 Daniele De Vezze MF 63 1 (4) 2006-2007, 2009-2010
22%
1337 Daniele Magliocchetti DF 4 0 (0) 2007-2009
22%
470 Dario Knežević DF 76 4 (0) 2006-2010
22%
204 David Balleri DF 148 1 (8) 2000-2001, 2004-2008
22%
100 Davide Baiocco MF 200 4 (14) 2000-2003, 2006-2009
22%
741 Davide Di Gennaro MF, FW 37 1 (1) 2006-2007, 2008-2010
22%
707 Davide Succi FW 40 6 (2) 2004-2005, 2008-2010
22%
1083 Dimitris Papadopoulos FW 14 1 (1) 2008-2009
22%
1042 Domenico Cristiano MF 16 0 (0) 2005-2006
22%
1303 Éder MF, FW 5 0 (0) 2006-2007
22%
762 Emil Hallfreðsson MF, FW 34 1 (2) 2007-2009
22%
756 Fabiano DF 35 0 (3) 2003-2004, 2007-2008
22%
774 Fabiano DF, MF 33 0 (0) 2008-2009
22%
330 Fabio Caserta MF 109 12 (6) 2006-2010
22%
282 Fabio Petruzzi DF 124 6 (1) 2000-2005
22%
1583 Fabricio Coloccini DF, MF 1 0 (0) 2004-2005
22%
1344 Fabrizio Casazza GK 4 0 (0) 2004-2005, 2006-2007
22%
1060 Fanis Katergiannakis GK 15 0 (0) 2004-2005
22%
908 Fernando Menegazzo MF 24 2 (0) 2003-2005
22%
297 Ferreira Pinto MF 119 12 (11) 2006-2010
22%
461 Filippo Cristante DF 78 1 (4) 2001-2002, 2004-2006
22%
1462 Flavio Lazzari MF 2 0 (0) 2005-2006
22%
497 Francesco Bega DF 71 1 (0) 2004-2005, 2007-2008
22%
1007 Francesco Lunardini MF 18 0 (0) 2009-2010
22%
516 Francesco Valiani MF 67 2 (7) 2008-2010
22%
435 Gennaro Sardo DF 83 4 (0) 2006-2010
22%
542 Gianluca Berti GK 63 0 (0) 2002-2003, 2004-2007
22%
1278 Gianluca Pegolo GK 6 0 (0) 2001-2002, 2009-2010
22%
264 Giuseppe Cardone DF 126 4 (3) 2000-2007
22%
1229 Guerino Gottardi DF, MF 8 0 (0) 2000-2003
22%
1013 Henry Giménez MF, FW 18 3 (1) 2009-2010
22%
1618 Iván de la Peña MF 1 0 (0) 2001-2002
22%
1141 Ivan Radovanović DF, MF 12 0 (0) 2009-2010
22%
757 Joe Bizera DF 35 0 (0) 2005-2008
22%
1115 Joelson FW 13 1 (0) 2007-2008
22%
992 John Carew FW 19 6 (1) 2003-2004
22%
841 John Mensah DF 29 0 (0) 2002-2005
22%
611 José Ignacio Castillo FW 52 11 (5) 2008-2010
22%
625 José Mamede MF 50 1 (3) 2000-2001, 2002-2003, 2004-2006
22%
1280 Juan Pablo Sorín DF, MF 6 0 (0) 2002-2003
22%
993 Jürgen Säumel MF 19 2 (0) 2008-2009
22%
896 Klaas-Jan Huntelaar FW 25 7 (0) 2009-2010
22%
1160 Lampros Choutos MF, FW 11 0 (0) 2004-2007
22%
494 Lino Marzorati DF 72 2 (1) 2004-2005, 2006-2007, 2009-2010
22%
276 Luca Saudati MF, FW 125 27 (6) 2000-2002, 2004-2008
22%
945 Luigi Della Rocca FW 22 3 (0) 2000-2002, 2004-2005
22%
958 Luigi Riccio MF 21 0 (1) 2002-2003
22%
535 Lukáš Jarolím MF 64 1 (2) 2007-2010
22%
1117 Marco Bernacci FW 13 1 (0) 2008-2009
22%
1490 Marco Capparella MF, FW 2 0 (0) 2007-2008
22%
1209 Marco Simone MF, FW 9 0 (0) 2001-2002
22%
1148 Mario Bolatti MF 12 0 (0) 2009-2010
22%
1188 Masashi Oguro FW 10 0 (0) 2006-2008
22%
581 Massimo Loviso MF 57 3 (2) 2003-2004, 2007-2008
22%
305 Massimo Paci DF 117 8 (1) 2004-2007, 2009-2010
22%
960 Matteo Gianello GK 21 0 (0) 2007-2009
22%
383 Matteo Guardalben GK 96 0 (0) 2001-2002, 2004-2006
22%
933 Mattia Biso MF 23 1 (0) 2005-2007
22%
278 Maurizio Lanzaro DF 125 0 (1) 2000-2001, 2003-2004, 2005-2009
22%
1257 Michele Marconi FW 7 1 (0) 2007-2009
22%
1408 Michele Troiano MF 3 0 (0) 2006-2007
22%
858 Mirco Gasparetto FW 28 1 (1) 2003-2004, 2005-2008
22%
604 Moreno Torricelli DF 53 0 (2) 2000-2002
22%
544 Nelson Abeijón MF 63 6 (0) 2004-2007
22%
780 Nenê FW 33 8 (1) 2009-2010
22%
465 Nicola Mingazzini MF 78 2 (5) 2004-2005, 2008-2010
22%
1662 Óscar Omar Ayala DF 1 0 (0) 2000-2001
22%
384 Paolo Dellafiore DF 96 4 (0) 2005-2010
22%
172 Paolo Sammarco MF 162 8 (4) 2004-2010
22%
818 Pierpaolo Bisoli MF 31 2 (0) 2000-2001
22%
1321 Pietro Parente MF 5 0 (0) 2003-2004
22%
1001 Ricardo Faty MF 19 0 (2) 2006-2007, 2009-2010
22%
529 Riccardo Allegretti MF 65 4 (4) 2002-2004, 2009-2010
22%
885 Riccardo Bonetto DF, MF 26 1 (1) 2005-2007
22%
874 Riccardo Colombo DF 27 1 (0) 2007-2009
22%
1262 Roberto Colombo GK 7 0 (0) 2008-2010
22%
272 Simone Pavan DF 126 1 (0) 2001-2008
22%
1523 Simone Zaza MF, FW 2 0 (0) 2008-2009
22%
650 Stefano Argilli MF 48 4 (0) 2003-2007
22%
154 Stefano Lucchini DF 174 2 (3) 2002-2003, 2005-2010
22%
680 Stefano Sacchetti DF 44 1 (1) 2001-2002, 2003-2005
22%
1692 Tabaré Viúdez MF, FW 1 0 (0) 2008-2009
22%
400 Tiberio Guarente MF 92 3 (10) 2007-2010
22%
1194 Ümit Davala DF, MF 10 0 (0) 2001-2002
22%
670 Valentin Năstase DF 45 0 (1) 2004-2005, 2006-2007
22%
681 Víctor Hugo Mareco DF 44 1 (0) 2002-2005
22%
438 Vincenzo Sommese MF 83 7 (9) 2000-2004
22%
533 Zlatan Muslimović FW 65 9 (4) 2000-2001, 2005-2008
22%
1366 Abel Balbo FW 3 0 (0) 2000-2002
17%
1429 Adrian Piț MF 2 0 (0) 2009-2010
17%
203 Alberto Valentim DF, MF 148 3 (8) 2000-2008
17%
692 Alessandro Gazzi MF 41 0 (0) 2006-2007, 2009-2010
17%
356 Alessandro Potenza DF 102 2 (0) 2003-2004, 2006-2010
17%
760 Alexei Eremenko MF, FW 34 0 (1) 2004-2006
17%
788 Alfonso Camorani MF 32 0 (2) 2004-2006
17%
938 Alfredo Cariello MF 22 2 (2) 2005-2006
17%
904 Andrea Soncin FW 24 7 (2) 2001-2002, 2006-2007
17%
717 Ângelo DF, MF 39 0 (0) 2004-2005, 2008-2009
17%
1553 Anssi Jaakkola GK 1 0 (0) 2007-2008
17%
769 Anthony Vanden Borre DF, MF 33 0 (0) 2007-2009
17%
703 Antônio Carlos DF 40 0 (2) 2000-2002
17%
1198 Attilio Lombardo MF 9 0 (0) 2000-2001
17%
851 Babù MF, FW 28 4 (5) 2004-2005, 2007-2008
17%
1109 Blažej Vaščák MF 13 0 (3) 2005-2006
17%
1040 Bogdan Pătrașcu MF 16 0 (1) 2001-2002, 2008-2009
17%
496 Carmine Gautieri MF, FW 71 12 (7) 2001-2002, 2004-2005
17%
755 Carsten Jancker FW 35 2 (1) 2002-2004
17%
792 Christian Díaz DF, MF 32 1 (4) 2000-2002
17%
1244 Christian Keller MF 7 0 (0) 2005-2006
17%
986 Christian Wilhelmsson MF 19 1 (2) 2006-2007
17%
770 Ciro Polito GK 33 0 (0) 2006-2008
17%
1334 Cosmin Moți DF 4 0 (0) 2008-2009
17%
748 Daniele Amerini MF 36 1 (1) 2006-2007
17%
1219 Daniele Degano FW 8 0 (0) 2003-2005
17%
285 Daniele Galloppa MF 123 5 (10) 2006-2010
17%
1572 Daniele Padelli GK 1 0 (0) 2009-2010
17%
1335 Daniel Fonseca FW 4 0 (0) 2000-2001, 2002-2003
17%
1057 Davide Chiumiento MF 15 1 (1) 2003-2005
17%
810 Davide Dionigi MF 31 6 (2) 2000-2001, 2004-2005
17%
749 Davide Lanzafame MF, FW 36 7 (4) 2008-2010
17%
865 Davide Zoboli DF 27 1 (0) 2004-2005
17%
794 Denis Godeas FW 32 4 (2) 2002-2003, 2005-2007
17%
1576 Digão DF 1 0 (0) 2007-2008
17%
1110 Dyego Coelho DF 13 0 (0) 2008-2009
17%
811 Emanuele Berrettoni FW 31 0 (1) 2001-2004
17%
921 Enrico Fantini FW 23 0 (4) 2004-2005
17%
1111 Ernesto Farías FW 13 0 (1) 2004-2005
17%
617 Ezio Brevi DF, MF 51 2 (0) 2000-2001, 2006-2007
17%
482 Fabio Ceravolo FW 73 6 (1) 2005-2006, 2007-2010
17%
661 Fabio Rossitto MF 46 0 (2) 2000-2004
17%
1059 Fabio Rustico DF 15 0 (0) 2000-2003
17%
1224 Fabrizio Cammarata FW 8 0 (0) 2003-2004
17%
1384 Federico Dionisi MF, FW 3 0 (0) 2009-2010
17%
654 Francesco Colonnese DF 47 1 (0) 2000-2001, 2004-2006
17%
1156 Francesco Galeoto DF 11 0 (1) 2005-2006
17%
442 Francesco Marianini MF 82 1 (2) 2004-2008
17%
1063 Francesco Ruopolo FW 15 0 (0) 2004-2006
17%
1030 Gabriele Paoletti GK 17 0 (0) 2005-2007
17%
683 Gennaro Ruotolo MF 43 0 (3) 2004-2006
17%
1604 Gianmarco Zigoni FW 1 0 (0) 2009-2010
17%
840 Giuseppe Cozzolino FW 29 2 (0) 2005-2007
17%
1092 Guly do Prado MF, FW 14 0 (1) 2003-2004
17%
1613 Ibrahim Maaroufi MF 1 0 (0) 2006-2007
17%
1348 Jaime Romero MF, FW 4 0 (0) 2009-2010
17%
1183 Jason Mayélé MF, FW 10 0 (1) 2001-2002
17%
943 Jesús Dátolo MF 22 1 (2) 2008-2010
17%
1184 Keirrison FW 10 2 (1) 2009-2010
17%
1353 Khouma Babacar FW 4 1 (1) 2009-2010
17%
926 Leonardo Araújo DF, MF 23 3 (1) 2000-2001, 2002-2003
17%
1035 Leonardo Migliónico DF 17 1 (0) 2007-2008, 2009-2010
17%
1161 Levan Mchedlidze MF, FW 11 1 (0) 2008-2010
17%
1036 Lionel Scaloni DF, MF 17 0 (0) 2007-2008, 2009-2010
17%
1628 Luca Cavalli 0 1 0 (0) 2001-2002
17%
927 Luciano Figueroa FW 23 3 (2) 2007-2008, 2009-2010
17%
443 Luigi Piangerelli MF 82 1 (3) 2000-2001, 2003-2005
17%
1235 Luis Fernando Centi MF, FW 8 0 (0) 2005-2006
17%
507 Luis Helguera MF 68 1 (2) 2000-2001, 2003-2004
17%
1633 Manuel Giandonato MF 1 0 (0) 2009-2010
17%
364 Marco Malagò DF 100 1 (2) 2003-2006, 2008-2010
17%
1118 Marco Mancosu MF, FW 13 1 (1) 2006-2009
17%
620 Marco Padalino DF, MF 51 3 (4) 2008-2010
17%
1312 Marco Zambelli DF, MF 5 0 (0) 2004-2005
17%
959 Marcus Diniz DF 21 0 (0) 2009-2010
17%
699 Martin Bergvold MF 41 3 (0) 2006-2007, 2009-2010
17%
1070 Martín Cáceres DF 15 1 (1) 2009-2010
17%
1639 Massimiliano Marsili MF 1 0 (0) 2004-2005
17%
898 Massimo Brambilla MF 25 0 (2) 2001-2002, 2004-2005
17%
1189 Massimo Ganci FW 10 0 (0) 2004-2005
17%
628 Matteo Melara DF 50 2 (0) 2004-2008
17%
1643 Mattia Dal Bello MF 1 0 (0) 2002-2003
17%
947 Mattia Marchesetti MF, FW 22 1 (0) 2004-2007
17%
1190 Mauro Minelli DF 10 1 (0) 2006-2007
17%
648 Michele Mignani DF 48 0 (1) 2003-2006
17%
436 Michele Paolucci MF, FW 83 15 (3) 2006-2010
17%
1500 Michel Morganella DF, MF 2 0 (0) 2008-2009
17%
1098 Milan Rapaić MF, FW 14 4 (1) 2003-2004
17%
1360 Mirco Antenucci FW 4 0 (0) 2008-2009
17%
829 Mirko Cudini DF 30 1 (0) 2005-2007
17%
612 Mirko Savini DF 52 0 (0) 2004-2005, 2007-2009
17%
999 Nicola Belmonte DF 19 0 (0) 2008-2010
17%
977 Nicola Boselli DF 20 1 (0) 2001-2003
17%
713 Nicola Campedelli MF 40 2 (0) 2002-2004
17%
593 Nico Pulzetti MF 55 3 (3) 2007-2008, 2009-2010
17%
781 Oscar Brevi DF 33 0 (0) 2002-2003, 2006-2007
17%
410 Paolo Foglio DF 89 2 (13) 2001-2007
17%
833 Pasquale Padalino DF 30 1 (1) 2000-2001, 2002-2003
17%
1151 Philippe Billy DF 12 0 (0) 2001-2002, 2003-2004, 2005-2006
17%
390 Pietro Accardi DF 94 1 (0) 2004-2010
17%
752 Raffaele De Martino MF 36 1 (0) 2004-2007
17%
1322 Raffaele Rubino FW 5 0 (0) 2003-2004
17%
587 Roberto Cevoli DF 56 1 (0) 2002-2004
17%
1261 Roberto Chiappara MF 7 0 (0) 2005-2006
17%
1324 Roberto Delgado FW 5 0 (1) 2003-2005
17%
935 Roberto Goretti MF 23 0 (2) 2000-2004
17%
936 Roman Eremenko MF 23 0 (3) 2006-2008
17%
860 Romano Perticone DF 28 0 (0) 2004-2005, 2009-2010
17%
1514 Salvatore Burrai MF 2 0 (0) 2006-2007, 2008-2009
17%
513 Salvatore Fresi DF 68 12 (3) 2000-2004
17%
1077 Sebastián Cejas GK 15 0 (0) 2004-2006
17%
1078 Shabani Nonda FW 15 4 (1) 2005-2006
17%
1686 Simone Aresti GK 1 0 (0) 2006-2007
17%
1124 Simone Cavalli FW 13 2 (0) 2005-2006
17%
888 Simone Dallamano DF 26 0 (1) 2004-2005
17%
1079 Stefano Dall'Acqua FW 15 2 (0) 2003-2004
17%
679 Stefano Guberti MF 44 3 (2) 2006-2007, 2009-2010
17%
807 Theodoros Zagorakis MF 32 0 (3) 2004-2005
17%
1296 Tomáš Košický GK 6 0 (0) 2008-2010
17%
808 Tomáš Zápotočný DF 32 0 (0) 2006-2008
17%
1167 Valerio Virga MF 11 0 (0) 2004-2005, 2006-2007, 2008-2009
17%
1364 Vincenzo Fiorillo GK 4 0 (0) 2007-2010
17%
1195 Vittorio Mero DF 10 0 (0) 2000-2002
17%
234 Vittorio Tosto DF 136 6 (7) 2001-2002, 2005-2008
17%
1365 Vlada Avramov GK 4 0 (0) 2007-2008, 2009-2010
17%
1081 Walter Baseggio MF 15 1 (0) 2005-2006
17%
1126 Abderrazzak Jadid MF, FW 12 0 (0) 2002-2003, 2004-2005
13%
1367 Abel Xavier DF 3 0 (0) 2004-2005
13%
862 Adrián Ricchiuti MF 27 3 (1) 2009-2010
13%
786 Alain Boghossian MF, FW 32 1 (2) 2000-2002
13%
596 Alberto Savino DF 54 1 (0) 2000-2002
13%
847 Alberto Zapater MF 28 3 (1) 2009-2010
13%
1197 Alessandro Camisa DF 9 0 (1) 2004-2006
13%
903 Alessandro Doga MF 24 2 (1) 2004-2005
13%
1542 Alessandro Zoppetti DF 1 0 (0) 2005-2006
13%
1544 Alessio Viola FW 1 0 (0) 2008-2009
13%
1108 Alexandros Tziolis MF 13 0 (0) 2009-2010
13%
1549 Andrea Ivan GK 1 0 (0) 2006-2007
13%
1128 André Dias DF 12 2 (0) 2009-2010
13%
1154 Antimo Iunco MF, FW 11 0 (0) 2008-2009
13%
1447 Caetano Calil MF, FW 2 0 (0) 2007-2008
13%
558 Claudio Terzi DF 60 3 (0) 2002-2003, 2008-2010
13%
1245 Corrado Grabbi FW 7 0 (0) 2003-2004
13%
919 Daniele Paponi FW 23 1 (0) 2005-2008
13%
824 Dario Baccin DF 30 1 (0) 2000-2001, 2003-2004
13%
380 Dario Passoni MF 96 1 (8) 2002-2003, 2004-2007
13%
852 Darko Kovačević FW 28 5 (1) 2000-2002
13%
1201 Davide Bottone MF 9 1 (0) 2007-2008
13%
1058 Davide Nicola DF 15 0 (0) 2004-2005
13%
1132 Davide Sinigaglia FW 12 1 (0) 2004-2005
13%
1202 Dominique Malonga FW 9 1 (1) 2007-2008
13%
1084 Dorin Goian DF 14 0 (0) 2009-2010
13%
1086 Emanuele Manitta GK 14 0 (0) 2006-2007, 2008-2009
13%
812 Emanuele Troise DF 31 1 (0) 2000-2001, 2003-2004
13%
877 Fabian Valtolina FW 26 1 (1) 2001-2002, 2003-2004
13%
1582 Fabio Roselli 0 1 0 (0) 2005-2006
13%
1383 Fabio Viviani MF 3 0 (0) 2000-2001
13%
1112 Fabrizio Zambrella MF 13 0 (0) 2004-2005
13%
795 Federico Peluso DF 32 1 (1) 2008-2010
13%
813 Felice Piccolo DF 31 0 (0) 2004-2005, 2007-2008
13%
1587 Felipe Mattioni DF 1 0 (0) 2008-2009
13%
796 Filippo Carobbio MF 32 0 (0) 2005-2007
13%
1592 Francesco Bolzoni MF 1 0 (0) 2008-2009
13%
1179 Francesco Pedone MF 10 0 (0) 2003-2004
13%
1088 Francesco Scardina DF 14 0 (0) 2008-2010
13%
1463 Francesco Volpe FW 2 0 (0) 2007-2008
13%
1277 Gastón Cellerino FW 6 0 (0) 2009-2010
13%
972 Giacomo Dicara DF 20 1 (0) 2000-2001
13%
1137 Giorgio Frezzolini GK 12 0 (0) 2001-2002, 2003-2004
13%
764 Giorgio Sterchele GK 34 0 (0) 2000-2001
13%
1610 Henok Goitom FW 1 1 (0) 2004-2005
13%
1204 Ianis Zicu MF, FW 9 0 (1) 2003-2005
13%
685 Ibrahima Bakayoko FW 43 4 (0) 2005-2007
13%
1158 Javier Portillo FW 11 1 (1) 2004-2005
13%
1206 Johan Vonlanthen MF, FW 9 0 (0) 2004-2005
13%
484 Jonatan Binotto MF 73 1 (4) 2000-2002, 2004-2005
13%
1254 Julio Gutiérrez FW 7 0 (0) 2000-2001, 2003-2004
13%
698 Juriy Cannarsa DF 41 0 (0) 2004-2006
13%
1352 Kerlon MF, FW 4 0 (0) 2008-2009
13%
1046 Leandro Grimi DF 16 0 (0) 2006-2008
13%
1394 Libor Kozák FW 3 0 (0) 2008-2009
13%
635 Luca Rigoni MF 49 2 (0) 2005-2006, 2008-2010
13%
928 Luigi Apolloni DF 23 0 (0) 2000-2001
13%
1632 Luigi Sepe GK 1 0 (0) 2008-2009
13%
561 Luigi Turci GK 60 0 (0) 2000-2001, 2003-2005
13%
711 Luigi Vitale DF, FW 40 1 (2) 2008-2010
13%
1398 Magnus Hedman GK 3 0 (0) 2003-2004
13%
1489 Manolo Gabbiadini MF, FW 2 0 (0) 2009-2010
13%
857 Marcello Cottafava DF 28 0 (0) 2005-2006
13%
975 Marco Carparelli FW 20 1 (1) 2002-2005
13%
1015 Marcos de Paula FW 18 2 (0) 2002-2003, 2009-2010
13%
499 Marco Zamboni DF 71 2 (0) 2000-2002, 2004-2006
13%
1210 Mario Salgado FW 9 1 (0) 2001-2002
13%
449 Mark Edusei MF 80 1 (0) 2004-2008
13%
510 Martin Jiránek DF 68 0 (0) 2000-2001, 2002-2004
13%
464 Massimo Carrera DF 78 0 (2) 2000-2003
13%
737 Massimo Margiotta FW 38 8 (1) 2000-2001, 2003-2004
13%
1494 Mathew Olorunleke DF 2 0 (0) 2005-2006
13%
1640 Mathías Cardaccio MF 1 0 (0) 2008-2009
13%
1496 Matías Masiero MF 2 1 (0) 2007-2008
13%
1120 Mattia Graffiedi FW 13 0 (0) 2004-2005
13%
1645 Mattia Roselli 0 1 0 (0) 2004-2005
13%
880 Maurizio Ciaramitaro MF 26 0 (1) 2006-2007, 2008-2009
13%
1650 Michele Piccolo FW 1 0 (0) 2002-2003
13%
750 Mohammed Gargo DF 36 2 (1) 2000-2001, 2003-2004
13%
564 Natale Gonnella DF 59 2 (3) 2000-2002, 2004-2005
13%
1258 Nicki Bille Nielsen FW 7 0 (0) 2006-2007
13%
900 Nicola Ascoli DF 25 0 (1) 2005-2008
13%
961 Nicolás Bertolo MF 21 0 (1) 2009-2010
13%
1317 Nicolas Viola MF, FW 5 0 (0) 2008-2009
13%
1290 Nicolò Cherubin DF 6 0 (0) 2007-2008
13%
1660 Orazio Russo FW 1 0 (0) 2009-2010
13%
1000 Pablo García DF, MF 19 0 (0) 2000-2002
13%
831 Pablo Granoche FW 30 3 (1) 2009-2010
13%
1666 Pasquale Berardi MF 1 0 (0) 2000-2001
13%
1320 Piermario Morosini MF 5 0 (0) 2005-2006
13%
1416 Radosław Matusiak FW 3 1 (0) 2006-2007
13%
844 Ricardo Esteves DF, MF 29 2 (1) 2004-2005, 2006-2007
13%
1672 Riccardo Pasi MF 1 0 (0) 2009-2010
13%
613 Richard Vanigli DF 52 0 (0) 2005-2008
13%
1676 Roberto Massaro FW 1 0 (0) 2000-2001
13%
1050 Roberto Nanni FW 16 1 (0) 2005-2006
13%
1213 Salvatore Russo DF, MF 9 0 (0) 2003-2004
13%
1683 Samir Ujkani GK 1 0 (0) 2008-2009
13%
690 Stefano Lorenzi DF 42 1 (0) 2000-2002, 2004-2006
13%
1264 Thomas Job MF 7 0 (0) 2003-2004, 2006-2007
13%
784 Tiziano Polenghi DF 33 0 (0) 2005-2006, 2008-2009
13%
1080 Vitorino Antunes DF 15 0 (0) 2007-2009
13%
1529 Abel Gigli DF 1 0 (0) 2009-2010
9%
1531 Adrian Stoian MF, FW 1 0 (0) 2008-2009
9%
822 Ahn Jung-hwan MF, FW 30 5 (1) 2000-2002
9%
1430 Alain Nef DF 2 0 (0) 2008-2009
9%
1536 Alen Stevanović MF, FW 1 0 (0) 2009-2010
9%
312 Alessandro Conticchio MF 113 7 (1) 2000-2002, 2005-2007
9%
1540 Alessandro Evangelisti MF 1 0 (0) 2004-2005
9%
1005 Alessandro Frara MF 18 0 (0) 2002-2003
9%
849 Alessandro Rinaldi DF 28 1 (0) 2000-2003
9%
1541 Alessandro Tuia DF 1 0 (0) 2008-2009
9%
1434 Alessio Manzoni MF 2 0 (0) 2008-2010
9%
966 Alessio Sestu MF 20 1 (1) 2008-2010
9%
937 Alex Brunner GK 22 0 (0) 2002-2003, 2004-2005
9%
1545 Alex Guerci MF 1 0 (0) 2006-2007
9%
601 Andrea Capone MF 53 6 (4) 2005-2007
9%
983 Andrea Russotto MF, FW 19 0 (0) 2005-2006, 2008-2009
9%
1552 Andrea Signorini DF 1 0 (0) 2008-2009
9%
1554 Anthony Basso GK 1 0 (0) 2000-2001
9%
891 Antonino Asta MF 25 0 (1) 2001-2002
9%
1443 Antonio Ghomsi DF 2 0 (0) 2006-2007
9%
1155 Biagio Pagano MF 11 1 (0) 2000-2001, 2003-2005
9%
1300 Bruno Fornaroli FW 5 0 (0) 2008-2009
9%
1567 Cristian Pasquato MF, FW 1 0 (0) 2007-2008
9%
1218 Daniel Adejo DF 8 0 (1) 2008-2009
9%
918 Daniele Di Donato MF 23 0 (1) 2004-2005
9%
1380 Davide Brivio DF 3 0 (0) 2005-2006, 2008-2009
9%
987 Davide Carrus MF 19 0 (1) 2003-2004, 2008-2009
9%
1452 Dejan Lazarević MF 2 0 (0) 2009-2010
9%
695 Diego Fuser MF 41 2 (2) 2000-2003
9%
1455 Dino Marino MF 2 0 (0) 2004-2005
9%
1341 Drissa Diarra DF, MF 4 0 (0) 2003-2005
9%
644 Emanuele Brioschi DF 48 2 (1) 2000-2002
9%
1173 Emanuele Pesaresi DF 10 0 (0) 2000-2001, 2002-2003, 2004-2005
9%
1381 Emiliano Tarana MF 3 0 (0) 2000-2001
9%
1276 Emmanuel Osei DF 6 0 (0) 2004-2005
9%
1343 Ettore Mendicino FW 4 0 (0) 2008-2009
9%
483 Fabio Vignaroli MF, FW 73 4 (8) 2002-2004, 2007-2008
9%
941 Filippo Galli DF 22 0 (0) 2000-2001
9%
825 Francesco Baldini DF 30 0 (0) 2000-2001
9%
1177 Francesco Marino FW 10 1 (0) 2000-2001
9%
1089 Gabriele Ambrosetti MF 14 0 (0) 2001-2002
9%
1226 Gaël Genevier MF 8 0 (0) 2003-2004, 2009-2010
9%
1469 Gianluca Grassadonia DF 2 0 (0) 2002-2003
9%
684 Gianluca Lamacchi DF, MF 43 0 (0) 2001-2003
9%
1250 Gianmatteo Mareggini GK 7 0 (0) 2004-2005
9%
569 Giovanni Morabito DF 58 1 (0) 2000-2001, 2002-2005
9%
733 Giuseppe Abruzzese DF 38 0 (0) 2003-2006
9%
697 Gonçalo Brandão DF 41 0 (1) 2008-2010
9%
1157 Gonzalo Sorondo DF 11 0 (1) 2001-2002
9%
866 Gustavo Lazzaretti DF 27 1 (0) 2004-2006
9%
1619 Jan Koprivec GK 1 0 (0) 2008-2009
9%
1349 Jehad Muntasser MF 4 0 (0) 2005-2006
9%
1205 Jérémie Bréchet DF, MF 9 0 (0) 2003-2004
9%
1093 Johan Walem MF 14 0 (0) 2000-2001
9%
1623 Josias Basso DF 1 0 (0) 2008-2009
9%
1143 Lorenzo Ariaudo DF 12 0 (0) 2008-2010
9%
1486 Luca Di Matteo DF, MF 2 0 (0) 2007-2008
9%
1255 Luca Fusco DF 7 0 (0) 2004-2006
9%
1630 Luca Mazzoni GK 1 0 (0) 2004-2005
9%
1631 Luca Tedeschi DF 1 0 (0) 2004-2005
9%
583 Luca Tognozzi MF 56 0 (0) 2006-2009
9%
1234 Luciano Zavagno DF 8 0 (0) 2003-2004
9%
1256 Luigi Dipasquale FW 7 1 (0) 2004-2005
9%
766 Luigi Lavecchia DF, MF 34 0 (1) 2006-2007, 2008-2009
9%
1067 Marcelo Larrondo FW 15 1 (1) 2009-2010
9%
1186 Marco Ambrosio GK 10 0 (0) 2001-2003
9%
1401 Marco D'Alessandro DF, MF, FW 3 0 (0) 2008-2009
9%
1402 Marco Roccati GK 3 0 (0) 2004-2005
9%
1406 Marko Perović MF 3 0 (0) 2003-2004
9%
667 Massimiliano Cappellini FW 45 0 (2) 2002-2004
9%
637 Massimo Bonanni MF 49 4 (2) 2005-2006, 2008-2009
9%
1358 Massimo Gotti DF 4 0 (0) 2006-2007
9%
1285 Matías Lequi DF 6 0 (0) 2004-2005
9%
899 Mato Jajalo MF 25 0 (0) 2009-2010
9%
1641 Matteo Mandorlini MF 1 0 (0) 2005-2006
9%
931 Matteo Pivotto DF 23 1 (0) 2000-2001, 2003-2004
9%
1072 Michele Serena DF 15 0 (0) 2000-2002
9%
1287 Mitsuo Ogasawara MF 6 1 (0) 2006-2007
9%
1654 Mohamed Sarr DF, MF 1 0 (0) 2001-2002
9%
1655 Niccolò Galli DF 1 0 (0) 2000-2001
9%
1410 Nicola Beati MF 3 0 (0) 2000-2001, 2002-2003
9%
1211 Nicola Santoni GK 9 0 (0) 2004-2006
9%
701 Nicolás Córdova MF 41 5 (4) 2001-2002, 2004-2007
9%
1291 Odion Ighalo FW 6 1 (1) 2008-2009
9%
1505 Pablo Barrientos MF 2 0 (0) 2009-2010
9%
1102 Pedro Kamata MF 14 0 (1) 2009-2010
9%
1415 Pierluigi Brivio GK 3 0 (0) 2001-2002
9%
1669 Pietro Marino GK 1 0 (0) 2008-2009
9%
882 Predrag Mijatović MF, FW 26 2 (1) 2000-2002
9%
859 Rachid Neqrouz DF 28 1 (0) 2000-2001
9%
1417 Raffaele Ametrano MF 3 0 (0) 2004-2005
9%
883 Rej Volpato FW 26 2 (0) 2005-2006, 2007-2008
9%
1164 Renato Bondi MF 11 0 (0) 2005-2006
9%
1105 Riccardo Corallo DF 14 0 (0) 2005-2007
9%
1513 Rubén Maldonado DF 2 0 (0) 2007-2008
9%
1294 Salvatore D'Alterio DF 6 0 (0) 2004-2005
9%
1681 Salvatore Ferraro DF 1 0 (0) 2001-2002
9%
1076 Salvatore Foti FW 15 1 (1) 2005-2006
9%
678 Santiago Morero DF 44 1 (0) 2008-2010
9%
1684 Schumacher FW 1 0 (0) 2006-2007
9%
1107 Sebastjan Cimirotič FW 14 2 (0) 2001-2002
9%
1240 Simone Giacchetta DF 8 0 (1) 2003-2004
9%
1522 Simone Grippo DF, MF 2 0 (0) 2008-2009
9%
1002 Siyabonga Nomvethe MF, FW 19 0 (1) 2001-2002, 2003-2004
9%
432 Stefano Torrisi DF 84 3 (2) 2000-2005
9%
1423 Takis Gonias MF 3 0 (0) 2004-2005
9%
1193 Tomás Guzmán MF, FW 10 1 (0) 2005-2006
9%
1700 Vasco Regini DF 1 0 (0) 2008-2009
9%
725 Viktor Budyanskiy MF 39 3 (1) 2003-2004, 2006-2009
9%
1704 Wilker FW 1 0 (0) 2005-2006
9%
623 Yksel Osmanovski MF, FW 51 2 (2) 2000-2003
9%
1533 Alberto Cossentino DF 1 0 (0) 2007-2008
4%
1534 Alberto Quadri MF 1 0 (0) 2006-2007
4%
1127 Alejandro Correa MF 12 0 (0) 2000-2004
4%
1169 Alessandro Bastrini DF 10 0 (0) 2005-2008
4%
848 Alessandro Cucciari DF 28 0 (2) 2003-2005
4%
1431 Alessandro Gambadori MF 2 0 (0) 2004-2005
4%
809 Alessandro Mazzola MF 31 0 (0) 2000-2002
4%
1329 Alessandro Romeo FW 4 0 (0) 2006-2007
4%
1436 Al-Saadi Gaddafi MF, FW 2 0 (0) 2003-2004, 2005-2006
4%
575 Amedeo Mangone DF 57 0 (1) 2000-2003
4%
1547 Andrea Burato MF 1 0 (0) 2008-2009
4%
1548 Andrea De Vito DF 1 0 (0) 2009-2010
4%
1550 Andrea Pansera GK 1 0 (0) 2005-2006
4%
642 Andrés Yllana MF 48 4 (2) 2000-2002
4%
916 Angelo Rea DF 23 0 (0) 2006-2007
4%
1024 Anselmo Robbiati MF, FW 17 3 (2) 2000-2002
4%
1441 Antonino Saviano GK 2 0 (0) 2005-2006
4%
480 Antonio Marasco MF 73 0 (3) 2001-2004
4%
1555 Antonio Morello FW 1 1 (0) 2003-2004
4%
1271 Antonio Rosati GK 6 0 (0) 2004-2005, 2008-2009
4%
1374 Antonio Zito DF, MF 3 0 (0) 2008-2009
4%
1557 Arnaud Kouyo DF 1 0 (0) 2003-2004
4%
1299 Athirson DF, MF 5 0 (0) 2000-2001
4%
1199 Bojan Jokić DF, MF 9 0 (0) 2009-2010
4%
1200 Bratislav Živković MF 9 0 (0) 2003-2004
4%
1446 Bruce Dombolo FW 2 0 (0) 2003-2004
4%
1559 Bruno Fontes da Mota MF 1 0 (0) 2006-2007
4%
1273 Carlos Marinelli MF 6 0 (2) 2002-2003
4%
1055 Carlos Matheu DF 15 0 (0) 2008-2009
4%
1375 Christian Tiboni FW 3 0 (0) 2006-2007, 2009-2010
4%
1377 Claudio Coralli FW 3 0 (0) 2006-2007
4%
917 Claudio Grauso MF 23 0 (0) 2004-2005
4%
1301 Cláudio Taffarel GK 5 0 (0) 2001-2002
4%
1448 Cristian Melinte DF 2 0 (0) 2009-2010
4%
771 Daniele Ficagna DF 33 1 (0) 2007-2010
4%
1449 Daniele Fortunato 0 2 0 (0) 2003-2004
4%
940 Danilo Sacramento MF 22 1 (0) 2007-2008
4%
1171 Davide Giorgino MF 10 0 (1) 2004-2006
4%
674 Davide Matteini MF, FW 44 5 (0) 2006-2008
4%
1172 Davide Pinato GK 10 0 (0) 2000-2002
4%
1246 Diego Rodríguez Da Luz DF, MF 7 0 (1) 2008-2009
4%
1275 Đorđe Rakić FW 6 0 (0) 2008-2009
4%
1456 Doudou Diaw DF 2 0 (0) 2006-2007
4%
1339 Douglas Packer MF 4 0 (0) 2005-2006, 2008-2009
4%
1340 Dražen Brnčić DF, MF 4 0 (0) 2000-2001
4%
696 Duccio Innocenti DF 41 1 (0) 2000-2001, 2004-2006
4%
1458 Emanuele Concetti GK 2 0 (0) 2002-2003
4%
1305 Emmanuel Agyemang-Badu MF 5 0 (0) 2009-2010
4%
773 Emmanuel Cascione MF 33 0 (0) 2007-2009
4%
1027 Enrico Morello DF 17 0 (0) 2006-2007
4%
1248 Ervin Skela MF, FW 7 0 (0) 2006-2007
4%
1028 Fabio Macellari DF 17 0 (1) 2000-2002
4%
907 Federico Casarini MF 24 0 (1) 2008-2010
4%
1225 Ferdinando Sforzini FW 8 0 (0) 2009-2010
4%
676 Flavio Giampieretti MF 44 0 (1) 2002-2004
4%
1591 Francesco Bardi GK 1 0 (0) 2009-2010
4%
1178 Francesco Millesi MF 10 0 (1) 2006-2008
4%
1597 Gabriele Aldegani GK 1 0 (0) 2008-2009
4%
1009 Gabriele Cioffi DF 18 1 (0) 2006-2007
4%
1596 Gabriel Oyola DF 1 0 (0) 2003-2004
4%
1113 Gaetano Grieco FW 13 1 (0) 2001-2004
4%
1467 Gennaro Fragiello FW 2 0 (0) 2003-2005
4%
855 Gheorghe Popescu DF, FW 28 3 (2) 2001-2002
4%
541 Giacomo Cipriani FW 63 11 (6) 2000-2001, 2002-2005
4%
1306 Gianluca Petrachi MF 5 0 (0) 2000-2001
4%
1603 Gianmarco Ingrosso DF 1 0 (0) 2008-2009
4%
895 Gianni Munari MF 25 4 (1) 2008-2009
4%
1471 Gionata Mingozzi DF, MF 2 0 (0) 2005-2006
4%
1279 Giorgio Di Vicino MF 6 0 (0) 2000-2001
4%
910 Giorgio Lucenti MF 24 0 (1) 2006-2007
4%
1473 Giovanni Goracci MF 2 0 (0) 2003-2004
4%
1091 Giovanni Ignoffo DF 14 1 (0) 2003-2004
4%
1475 Giuseppe Ingrosso DF 2 0 (0) 2000-2001
4%
1390 Goran Tomić FW 3 0 (0) 2000-2001
4%
1251 Guido Marilungo FW 7 3 (0) 2008-2009
4%
1477 Hilário Leal DF 2 0 (0) 2000-2001
4%
1479 Ilyas Zeytulayev 0 2 0 (0) 2004-2005
4%
1616 Isaac Cofie MF 1 0 (0) 2009-2010
4%
1617 Ivan Artipoli DF 1 0 (0) 2007-2008
4%
868 Ivano Della Morte MF 27 4 (1) 2002-2003, 2005-2006
4%
1347 Ivan Tomić MF 4 0 (0) 2001-2003
4%
1308 Jamal Alioui DF 5 0 (0) 2003-2004
4%
655 Johan Micoud MF 47 9 (5) 2000-2002
4%
1622 José Espinal MF, FW 1 0 (0) 2000-2001
4%
1045 José María Franco FW 16 4 (0) 2001-2003
4%
925 Kamil Kosowski MF 23 0 (0) 2006-2007
4%
1310 Lorenzo Del Prete DF 5 0 (0) 2008-2009
4%
1145 Loris Del Nevo MF 12 0 (0) 2004-2005
4%
1146 Luca Ceccarelli DF, MF 12 0 (0) 2001-2002
4%
797 Luca Ungari DF 32 1 (0) 2002-2004
4%
1066 Manuel Iori MF 15 0 (0) 2009-2010
4%
1634 Marcel Román MF 1 0 (0) 2008-2009
4%
1185 Marc Nygaard FW 10 0 (0) 2004-2005
4%
1284 Marco Franceschetti MF 6 0 (0) 2000-2002
4%
1491 Marco Mallus DF 2 0 (0) 2005-2006
4%
897 Marco Pecorari DF 25 1 (0) 2005-2007
4%
1403 Marco Stella MF 3 0 (0) 2002-2003
4%
1637 Marco Testa MF 1 0 (0) 2001-2002
4%
687 Marino Defendi DF, MF 43 1 (0) 2004-2005, 2006-2009
4%
1356 Martin Lejsal GK 4 0 (0) 2002-2004
4%
1357 Massimiliano Giacobbo MF 4 0 (0) 2003-2004
4%
800 Massimo Scoponi MF 32 2 (0) 2002-2004
4%
1149 Matej Krajčík DF 12 0 (0) 2008-2009
4%
1286 Matteo Abbate DF 6 0 (0) 2002-2003
4%
1313 Mattia Mustacchio DF, FW 5 0 (0) 2008-2009
4%
1018 Michele Tardioli GK 18 0 (0) 2000-2004
4%
1501 Miguel Layún DF, MF 2 0 (0) 2009-2010
4%
1316 Mike Tullberg FW 5 0 (0) 2007-2008
4%
998 Nelson Vivas DF 19 0 (0) 2001-2003
4%
1409 Nenad Novaković GK 3 0 (0) 2007-2008
4%
1099 Nenad Tomović DF 14 0 (0) 2009-2010
4%
1656 Niccolò Guzzo DF 1 0 (0) 2002-2003
4%
911 Nicola Corrent MF 24 1 (1) 2002-2004
4%
1318 Niki Zimling MF 5 0 (0) 2008-2010
4%
1663 Ottavio Palladini MF 1 0 (0) 2000-2001
4%
1413 Paolo Acerbis GK 3 0 (0) 2005-2006, 2008-2009
4%
688 Paolo Ponzo MF 43 0 (1) 2002-2004
4%
528 Paolo Vanoli DF 65 3 (2) 2000-2003
4%
1414 Pascual de Gregorio FW 3 0 (0) 2000-2001
4%
913 Patrick M'Boma FW 24 5 (4) 2000-2002
4%
1049 Phil Masinga FW 16 3 (0) 2000-2001
4%
1238 Pierluigi Orlandini MF 8 0 (1) 2000-2002
4%
1670 Rafael Romo GK 1 0 (0) 2009-2010
4%
1191 Raffaele Longo MF 10 0 (1) 2000-2001
4%
1671 Raffaele Maiello MF 1 0 (0) 2009-2010
4%
1104 Raffaele Schiavi DF 14 0 (0) 2005-2006, 2008-2009
4%
845 Rocco Sabato DF 29 1 (0) 2004-2005, 2007-2009
4%
1512 Rodrigo Defendi DF 2 0 (0) 2005-2006
4%
1678 Ronaldo Vanin DF 1 0 (0) 2002-2003
4%
1239 Rubens Pasino MF 8 1 (0) 2002-2003
4%
820 Savo Milošević FW 31 9 (3) 2000-2002
4%
1362 Sebastián Saja GK 4 0 (0) 2003-2004
4%
887 Sergei Gurenko DF, MF 26 1 (1) 2001-2003
4%
1263 Simone Bonomi DF, MF 7 0 (0) 2003-2004
4%
1687 Simone Confalone MF 1 0 (0) 2008-2009
4%
1688 Simone Iacoponi DF 1 0 (0) 2006-2007
4%
821 Simone Pesce MF 31 0 (5) 2006-2007, 2009-2010
4%
1325 Stefano Fanucci DF 5 0 (0) 2005-2006
4%
1525 Stefano Pardini GK 2 0 (0) 2003-2004
4%
846 Tomáš Řepka DF 29 0 (1) 2000-2002
4%
1051 Tommaso Vailatti MF 16 2 (0) 2007-2009
4%
1265 Vaggelis Nastos DF 7 0 (0) 2003-2004
4%
1424 Valentino Lai MF 3 0 (0) 2001-2002
4%
1215 Vinicio Espinal MF 9 0 (0) 2000-2003
4%
1425 Vito Falconieri FW 3 1 (0) 2008-2009
4%
980 Vladimir Koman MF 20 2 (2) 2006-2007, 2009-2010
4%
1328 Vukašin Poleksić GK 5 0 (0) 2003-2004
4%
1003 Abdelilah Saber DF 18 0 (0) 2000-2001
0%
1428 Abel Aguilar MF 2 0 (0) 2005-2006
0%
1530 Adewale Wahab MF 1 0 (0) 2003-2004
0%
1368 Agostino Garofalo DF, MF 3 0 (0) 2009-2010
0%
1532 Akande Ajide MF, FW 1 0 (0) 2003-2004
0%
1297 Akeem Omolade FW 5 0 (0) 2002-2003
0%
1004 Alberto Malusci DF 18 0 (0) 2000-2002
0%
1369 Aldo Firicano DF 3 0 (0) 2000-2001
0%
982 Aldo Osorio FW 19 2 (0) 2000-2001
0%
1535 Aleksandar Prijović FW 1 0 (0) 2007-2008
0%
1537 Alessandro Bassoli DF 1 0 (0) 2009-2010
0%
1370 Alessandro Boccolini GK 3 0 (0) 2005-2007
0%
1538 Alessandro Cesaretti GK 1 0 (0) 2006-2007
0%
1539 Alessandro Crescenzi DF 1 0 (0) 2008-2009
0%
890 Alessandro Dal Canto DF 25 1 (0) 2000-2001
0%
1371 Alessandro Pellicori FW 3 0 (0) 2000-2002
0%
1433 Alessandro Sbaffo MF 2 0 (0) 2009-2010
0%
1543 Alessio Luciani DF 1 0 (0) 2009-2010
0%
787 Alessio Scarchilli MF 32 2 (2) 2001-2003
0%
1435 Alessio Tombesi DF, MF 2 0 (0) 2007-2008
0%
1330 Alexandre Geijo FW 4 0 (0) 2009-2010
0%
1268 Ali Samereh FW 6 0 (0) 2001-2002
0%
1216 Allan Gaarde MF 8 0 (1) 2000-2001
0%
768 Amaral MF 33 0 (0) 2000-2002
0%
1438 András Gosztonyi MF 2 0 (0) 2009-2010
0%
951 Andrea Bernini MF 21 2 (0) 2000-2001
0%
1546 Andrea Briotti DF 1 0 (0) 2004-2005
0%
1439 Andrea D'Amico MF 2 0 (0) 2008-2009
0%
671 Andrea Mazzantini GK 44 0 (0) 2000-2002
0%
939 Andrea Tarozzi DF 22 0 (1) 2000-2002
0%
1373 Andrea Tummiolo MF 3 0 (0) 2005-2006
0%
473 Antoine Conde MF 75 5 (0) 2000-2004
0%
850 Antonio Bellavista MF 28 1 (2) 2000-2001
0%
1442 Antonio Criniti FW 2 0 (0) 2002-2003
0%
1269 Antonio La Fortezza MF 6 0 (0) 2000-2001
0%
1270 Antonio Narciso GK 6 0 (0) 2000-2001
0%
1556 Antonio Pacheco MF, FW 1 0 (0) 2000-2001
0%
1445 Apostolos Liolidis FW 2 0 (0) 2002-2003
0%
1272 Armando Perna DF 6 0 (0) 2006-2007
0%
1331 Attilio Gregori GK 4 0 (0) 2000-2001
0%
1558 Ayub Daud MF, FW 1 0 (0) 2008-2009
0%
1170 Błażej Augustyn DF 10 0 (0) 2009-2010
0%
1243 Carlos Pavón FW 7 1 (0) 2001-2002
0%
892 Carlo Teodorani DF 25 0 (0) 2000-2002
0%
1561 Carlo Trezzi MF 1 0 (0) 2000-2001
0%
1332 Cesare Rickler DF 4 0 (0) 2006-2007
0%
905 Ciro De Cesare FW 24 3 (0) 2001-2003
0%
1563 Claiton DF 1 0 (0) 2000-2001
0%
906 Claudio Ferrarese MF 24 2 (2) 2000-2001, 2002-2003, 2005-2007
0%
968 Claudio Husaín MF 20 0 (2) 2000-2001
0%
1564 Claudio Patti Pochintesta 0 1 0 (0) 2002-2003
0%
1566 Cristian Anelli DF 1 0 (0) 2007-2008
0%
1568 Damir Stojak FW 1 0 (0) 2000-2001
0%
1336 Daniele Buzzegoli MF 4 0 (0) 2005-2007
0%
1571 Daniele Cacciaglia 0 1 0 (0) 2001-2002
0%
1056 Daniele Gregori DF 15 0 (0) 2002-2003
0%
1450 Daniele Martinelli DF 2 0 (0) 2001-2002
0%
1569 Daniel Kofi Agyei MF 1 0 (0) 2009-2010
0%
1573 Danijel Aleksić MF, FW 1 0 (0) 2009-2010
0%
1379 Danilo Soddimo MF, FW 3 0 (0) 2005-2007
0%
1574 Danilo Zini DF 1 0 (0) 2002-2003
0%
1220 Davide Micillo GK 8 0 (0) 2002-2003
0%
1451 Davide Olivares MF 2 0 (0) 2000-2001
0%
1338 David Limberský DF, MF 4 0 (0) 2003-2004
0%
1041 David Sesa MF, FW 16 1 (2) 2000-2001
0%
1453 Denis D'Onofrio FW 2 0 (0) 2008-2009
0%
1575 Diego Gavilán DF, MF 1 0 (0) 2003-2004
0%
1221 Diego Markic MF, FW 8 0 (0) 2000-2001
0%
1222 Diego Mateo DF, MF 8 0 (0) 2000-2001
0%
1454 Dimitris Nalitzis FW 2 0 (0) 2001-2002
0%
1577 Domenico Bombara 0 1 0 (0) 2005-2006
0%
1247 Domenico Doardo GK 7 0 (0) 2000-2002
0%
1578 Domenico Germinale FW 1 0 (0) 2005-2006
0%
1085 Edinho Campos MF 14 0 (0) 2008-2009
0%
1457 Eliseu DF, MF 2 0 (0) 2009-2010
0%
1304 Emanuele Testardi FW 5 0 (0) 2009-2010
0%
1580 Emiliano Biliotti FW 1 0 (0) 2001-2002
0%
578 Emiliano Salvetti MF 57 7 (5) 2000-2003
0%
1342 Enrico Cotza MF 4 0 (0) 2007-2008
0%
1581 Enrico Verachi MF 1 0 (0) 2009-2010
0%
1174 Fabio Sciacca MF 10 0 (1) 2008-2010
0%
1459 Fabio Vignati 0 2 0 (0) 2004-2006
0%
854 Facundo Quiroga DF 28 0 (0) 2000-2001
0%
1584 Federico Carraro MF 1 0 (0) 2009-2010
0%
989 Federico Crovari MF 19 0 (0) 2000-2001
0%
1585 Federico Gerardi FW 1 0 (0) 2006-2007
0%
708 Federico Magallanes MF, FW 40 6 (1) 2001-2003
0%
1586 Federico Melchiorri FW 1 0 (0) 2006-2007
0%
1460 Felice Evacuo FW 2 0 (0) 2001-2002
0%
990 Fernando Forestieri MF, FW 19 1 (1) 2007-2009
0%
1588 Filip Krstić DF 1 0 (0) 2007-2008
0%
1461 Filippo Fedeli DF 2 0 (0) 2001-2002
0%
1589 Filippo Mattiuzzo 0 1 0 (0) 2005-2006
0%
1590 Filippo Porcari MF 1 0 (0) 2002-2003
0%
1386 Francesco Cigardi MF 3 0 (0) 2002-2003
0%
1593 Francesco Cosenza DF 1 0 (0) 2008-2009
0%
1594 Francesco Quintavalla MF 1 0 (0) 2000-2001
0%
1008 Francesco Statuto MF 18 1 (0) 2001-2002
0%
1064 Francesco Zerbini FW 15 0 (0) 2002-2004
0%
1595 Frank Ongfiang MF 1 0 (0) 2001-2002
0%
1346 Gabriel Cichero DF 4 0 (0) 2005-2006
0%
1464 Gabriele Davanzante MF 2 0 (0) 2000-2001
0%
1465 Gabriele Scandurra FW 2 0 (0) 2003-2004
0%
1387 Gabriel Peñalba MF 3 0 (0) 2006-2007
0%
1598 Gaetano Ungaro DF 1 0 (0) 2005-2006
0%
1135 Gaetano Vasari MF, FW 12 2 (0) 2000-2001
0%
1031 Gaetano Vastola DF 17 0 (1) 2006-2007
0%
1032 Gennaro Scarlato DF 17 1 (0) 2001-2002
0%
1249 Georgios Vakouftsis FW 7 0 (0) 2001-2002
0%
1600 Giacomo Banchelli FW 1 0 (0) 2000-2001
0%
1468 Giacomo Bonora DF 2 0 (0) 2000-2001
0%
1227 Giammarco Frezza DF, MF 8 0 (0) 2002-2003
0%
856 Giampietro Perrulli MF 28 2 (3) 2005-2007
0%
1136 Gianluca Atzori DF 12 1 (0) 2002-2003
0%
645 Gianluca Colonnello DF 48 0 (1) 2000-2002
0%
1601 Gianluca Galasso DF 1 0 (0) 2003-2004
0%
1470 Gianluca Musacci MF 2 0 (0) 2007-2008
0%
1602 Gianluca Palmiteri FW 1 0 (0) 2005-2006
0%
909 Gianluca Savoldi FW 24 5 (0) 2002-2003
0%
1472 Giorgio Venturin MF 2 0 (0) 2001-2002
0%
1605 Giovanni Bartolucci DF 1 0 (0) 2000-2001
0%
1010 Giovanni Piacentini MF 18 1 (0) 2000-2001
0%
1474 Giovanni Sulcis MF 2 0 (0) 2002-2003
0%
1606 Girolamo Provenzano 0 1 0 (0) 2006-2007
0%
775 Giuseppe Mazzarelli DF 33 3 (1) 2000-2001
0%
1608 Giuseppe Santoro GK 1 0 (0) 2004-2005
0%
1138 Giuseppe Taglialatela GK 12 0 (0) 2000-2002
0%
1609 Goran Slavkovski FW 1 0 (0) 2005-2006
0%
923 Guilherme Siqueira DF, MF 23 0 (1) 2006-2007, 2009-2010
0%
1476 Gustavo Reggi FW 2 0 (0) 2000-2001
0%
973 Hany Saïd DF 20 1 (1) 2000-2001
0%
1611 Higo Seara Santos de Oliveira MF 1 0 (0) 2003-2004
0%
1612 Horacio Peralta MF, FW 1 0 (0) 2004-2005
0%
1252 Hugo Enyinnaya FW 7 0 (0) 2000-2001
0%
1478 Ibrahim Babatunde FW 2 0 (0) 2002-2003
0%
1614 Igor Kolyvanov FW 1 0 (0) 2000-2001
0%
1307 Ikechukwu Kalu MF, FW 5 0 (0) 2007-2008
0%
1615 Ilario Aloe MF 1 0 (0) 2005-2006
0%
1480 Italo Mattioli FW 2 0 (0) 2004-2005
0%
1391 Ivan Castiglia MF 3 0 (0) 2005-2006
0%
1182 Ivan Fatić DF, MF 10 1 (1) 2009-2010
0%
1482 Ivano Baldanzeddu DF 2 0 (0) 2006-2007
0%
1253 Iván Obolo FW 7 0 (1) 2002-2003
0%
1620 Jani Tapani Virtanen FW 1 0 (0) 2006-2007
0%
1231 Jimmy Algerino DF 8 0 (0) 2001-2002
0%
1033 Joachim Björklund DF 17 0 (0) 2001-2002
0%
869 Johnnier Montaño MF 27 1 (1) 2000-2003
0%
1232 Jonathan Bottinelli DF 8 0 (0) 2008-2009
0%
1621 Jorge Horacio Serna FW 1 0 (0) 2002-2003
0%
1116 José Montiel MF 13 0 (0) 2006-2008
0%
944 Joseph Dayo Oshadogan DF 22 0 (0) 2000-2001
0%
1392 José Semedo DF, MF 3 0 (0) 2006-2007
0%
1624 Julien Rantier MF, FW 1 0 (0) 2002-2003
0%
1281 Jürgen Prutsch MF 6 0 (0) 2009-2010
0%
1207 Karim Saidi DF 9 0 (0) 2005-2006
0%
994 Klas Ingesson MF 19 1 (2) 2000-2001
0%
1034 Kostas Louboutis DF 17 0 (2) 2002-2004
0%
1309 Kris Stadsgaard DF 5 0 (0) 2007-2008
0%
1208 Kubilay Türkyilmaz FW 9 0 (0) 2000-2001
0%
974 Leandro Amaral FW 20 5 (3) 2000-2002
0%
1282 Leonel Ríos MF, FW 6 0 (0) 2006-2007
0%
1233 Lilian Nalis MF 8 0 (0) 2002-2003
0%
1142 Ljubiša Dunđerski MF 12 0 (1) 2000-2001
0%
1395 Lorenzo Crocetti FW 3 0 (0) 2001-2003
0%
1144 Lorenzo Sibilano DF 12 0 (0) 2000-2001
0%
1396 Luca Anania GK 3 0 (0) 2004-2005
0%
1484 Luca Belingheri MF 2 0 (0) 2002-2003
0%
1627 Luca Capecchi GK 1 0 (0) 2007-2008
0%
1485 Luca Castiglia MF 2 0 (0) 2007-2008
0%
1629 Luca Franchini DF 1 0 (0) 2002-2003
0%
1283 Luca Matteassi MF 6 0 (0) 2001-2002
0%
686 Luca Mezzano DF 43 0 (0) 2000-2003
0%
1397 Luca Mondini GK 3 0 (0) 2000-2001
0%
1488 Luca Simeoni FW 2 0 (0) 2009-2010
0%
1162 Luigi Anaclerio FW 11 0 (0) 2000-2001, 2002-2003
0%
995 Luigi Garzya DF 19 0 (1) 2001-2003
0%
1311 Luigi Giandomenico MF 5 0 (1) 2003-2004
0%
1354 Luigi Martinelli DF 4 0 (0) 2006-2007
0%
1047 Manolo Pestrin MF 16 0 (2) 2006-2007
0%
879 Marcello Albino MF 26 0 (2) 2002-2003, 2004-2005
0%
1400 Marcello Gazzola DF, MF 3 0 (0) 2007-2008
0%
1014 Marco Aurélio DF 18 0 (0) 2000-2001
0%
946 Marco Caneira DF 22 0 (0) 2000-2001
0%
1069 Marco Nappi FW 15 1 (1) 2000-2001
0%
1636 Marco Piovanelli MF 1 0 (0) 2000-2001
0%
1095 Marcos Paulo MF 14 1 (2) 2001-2002
0%
996 Marek Koźmiński DF, MF 19 0 (2) 2000-2002
0%
929 Mario Cvitanović DF 23 0 (1) 2000-2002
0%
1355 Mario Lička MF 4 0 (0) 2004-2005
0%
930 Martin Djetou DF, MF 23 2 (0) 2001-2002
0%
817 Martino Melis MF 31 0 (0) 2000-2002
0%
1493 Massimo Minetti FW 2 0 (0) 2006-2007
0%
646 Massimo Paganin DF 48 0 (1) 2000-2002
0%
1017 Massimo Rastelli FW 18 0 (1) 2001-2003
0%
664 Massimo Tarantino DF 46 0 (7) 2000-2003
0%
1495 Matías Donnet MF 2 0 (1) 2001-2002
0%
1497 Matteo Lignani MF 2 0 (0) 2009-2010
0%
932 Matteo Serafini MF, FW 23 0 (2) 2004-2006
0%
1119 Matteo Superbi MF 13 0 (0) 2001-2002
0%
1071 Mattia Collauto MF 15 0 (1) 2000-2001
0%
1644 Mattia Gallon FW 1 0 (0) 2009-2010
0%
744 Mauricio Pineda DF 37 0 (0) 2000-2002
0%
1096 Maurizio Bedin MF 14 0 (0) 2000-2003
0%
1646 Maurizio Franzone GK 1 0 (0) 2002-2003
0%
1498 Maurizio Nassi FW 2 0 (0) 2000-2001
0%
1647 Mauro Rizzo DF 1 0 (0) 2001-2002
0%
1499 Mauro Vigorito GK 2 0 (0) 2009-2010
0%
1648 Michael Girasole MF 1 0 (0) 2008-2009
0%
1097 Michael Madsen DF 14 1 (1) 2000-2001
0%
1315 Michael Odibe DF 5 0 (0) 2009-2010
0%
997 Michelangelo Minieri DF 19 0 (0) 2006-2007
0%
1649 Michele Anaclerio DF 1 0 (0) 2000-2001
0%
1651 Mikhail Sivakow DF, MF 1 0 (0) 2009-2010
0%
1019 Mirko Benin MF 18 2 (0) 2001-2003
0%
1652 Mirko Guadalupi MF 1 0 (0) 2007-2008
0%
1653 Mirko Stefani DF 1 0 (0) 2002-2003
0%
1121 Morten Bisgaard MF 13 0 (0) 2000-2001
0%
1163 Nicholas Caglioni GK 11 0 (0) 2005-2007
0%
1657 Nicola Diliso DF 1 0 (0) 2001-2002
0%
1658 Nicola Fumai 0 1 0 (0) 2000-2001
0%
1288 Nicola Madonna MF 6 0 (0) 2009-2010
0%
1289 Nicola Mariniello MF 6 0 (0) 2003-2004
0%
1502 Nicola Napolitano MF 2 0 (0) 2002-2003
0%
1259 Nicola Zanini MF 7 0 (0) 2005-2006
0%
1504 Olivier N'Siabamfumu DF, MF 2 0 (0) 2006-2007
0%
1659 Ondřej Čelůstka DF 1 0 (0) 2009-2010
0%
1661 Orlando Fanasca MF 1 0 (0) 2001-2002
0%
830 Oscar Magoni MF 30 1 (3) 2000-2001
0%
1101 Pablo Guiñazú MF 14 0 (0) 2000-2001
0%
1664 Paolo Carbonaro FW 1 0 (0) 2007-2008
0%
1020 Paolo Tramezzani DF 18 1 (1) 2002-2003
0%
1506 Pasquale Iadaresta FW 2 0 (0) 2005-2006
0%
1319 Patrizio Balleello DF 5 1 (0) 2001-2002
0%
803 Pavel Srníček GK 32 0 (0) 2000-2003
0%
1667 Pietro Arnulfo FW 1 0 (0) 2006-2007
0%
1507 Pietro Balistreri FW 2 0 (0) 2004-2005
0%
1668 Pietro Lorenzini FW 1 0 (0) 2007-2008
0%
1509 Régis Genaux DF 2 0 (0) 2000-2001
0%
1361 Riccardo Fissore DF 4 0 (0) 2000-2001, 2007-2008
0%
1123 Riccardo Nardini DF, MF 13 0 (0) 2006-2008
0%
1418 Riccardo Perpetuini DF, MF 3 0 (0) 2008-2010
0%
1420 Richmond Boakye FW 3 1 (0) 2009-2010
0%
1674 Roberto Bortolotto FW 1 0 (0) 2002-2003
0%
1675 Roberto Cardinale DF 1 0 (0) 2003-2004
0%
1677 Roberto Previtali MF 1 0 (0) 2000-2001
0%
1510 Roberto Puddu FW 2 0 (0) 2006-2007
0%
614 Rodolfo Giorgetti MF 52 2 (2) 2000-2002
0%
1679 Ruslan Nigmatullin GK 1 0 (0) 2001-2002
0%
1106 Saliou Lassissi DF 14 1 (0) 2000-2001
0%
1680 Salvatore Caturano FW 1 0 (0) 2006-2007
0%
1165 Salvatore Miceli MF 11 0 (0) 2001-2003
0%
1192 Salvatore Monaco DF 10 0 (0) 2000-2002
0%
1682 Salvatore Novembrino 0 1 0 (0) 2000-2001
0%
963 Salvatore Vicari MF, FW 21 0 (0) 2000-2001
0%
901 Samuel Caballero DF 25 2 (2) 2001-2003
0%
1515 Samuel Di Carmine MF, FW 2 0 (0) 2006-2007
0%
1517 Samuele Modica DF 2 0 (0) 2009-2010
0%
1518 Savio Nsereko MF, FW 2 0 (0) 2009-2010
0%
1685 Sergiu Suciu MF 1 0 (0) 2008-2009
0%
1519 Sidny DF 2 0 (0) 2007-2008
0%
1520 Silvano Raggio Garibaldi MF 2 0 (0) 2007-2008
0%
1521 Simone Eramo 0 2 0 (0) 2004-2005
0%
565 Stefano Fattori DF 59 0 (0) 2000-2003
0%
1689 Stefano Garzon MF 1 0 (0) 2006-2007
0%
1690 Stefano Pastrello MF 1 0 (0) 2002-2003
0%
1691 Stefano Pettinari MF, FW 1 0 (0) 2009-2010
0%
1524 Stefan Šćepović FW 2 0 (0) 2009-2010
0%
1693 Thomas Thorninger MF, FW 1 0 (0) 2001-2002
0%
1694 Tijani Belaïd MF 1 0 (0) 2004-2005
0%
1241 Tomaso Tatti FW 8 1 (0) 2000-2001
0%
1125 Tomáš Sivok DF, MF 13 1 (0) 2006-2008
0%
1214 Tomislav Rukavina DF, MF 9 0 (0) 2001-2002
0%
1695 Tommaso Ghinassi DF 1 0 (0) 2007-2008
0%
1166 Umberto Del Core FW 11 0 (0) 2006-2007
0%
1696 Valerio Anastasi FW 1 0 (0) 2008-2009
0%
1699 Vasco Faísca DF 1 0 (0) 2000-2001
0%
1526 Vincenzo Camilleri DF 2 0 (0) 2008-2009
0%
1701 Vincenzo Iacopino MF 1 0 (0) 2004-2005
0%
1327 Vincenzo Marruocco GK 5 0 (0) 2007-2008
0%
1527 Vittorio Bernardo 0 2 0 (0) 2004-2005
0%
1702 Vittorio Micolucci DF 1 0 (1) 2000-2001
0%
1242 Vlado Šmit DF 8 0 (0) 2002-2003
0%
981 Warley FW 20 0 (1) 2001-2003
0%
1703 Welle Ossou DF 1 0 (0) 2009-2010
0%
1426 Wilson FW 3 0 (0) 2007-2008
0%
1705 Xhulian Rrudho FW 1 0 (0) 2006-2007
0%
1528 Yonese Hanine MF 2 0 (0) 2008-2010
0%
1427 Yuri Breviario 0 3 0 (0) 2001-2003
0%
No matching quizzes found
Score Distribution
Percent of People with Each Score
Percentile by Number Answered
Your Score History
You have not taken this quiz